{"text_format":"3","workbook":"xls","n_sheets":1,"sheets":["一般性"],"not_rendered":{"external_links":1,"defined_names":3},"read":"whole","date_system":"1900","formulas":"cached_only"}

{"sheet":"一般性","index":0,"n_rows":552,"n_cols":21,"rows_kept":552,"flags":["formulas_cached_only"]}
["序号","物料编码","物料描述","计量\n单位","单车定额","车数","采购数量","使用车型","业务类别","零部件属性","授标方式","供应商1","供应商2","供应商3","供应商4","供应商5","标名称命名方式：项目名称+主要标的物-采购方式-业务员（注：填写采购申请时必须与立项表保持一致）","标段","该产品是否单一供方","单一供方的原因","备注"]
[1,"M000000027683","接线端子[P2]","PC",200,12,6400,"HXD3","HXD3系列机车","C+","方式2","大连博通科技发展有限公司","太原市富力通机电设备有限公司",{"$nulls":3},"直流车.和谐车用端子排"]
[2,"M000000027684","接线端子[P5.5]","PC",300,12,9600,"HXD3","HXD3系列机车","C+","方式2","大连博通科技发展有限公司","太原市富力通机电设备有限公司",{"$nulls":3},"直流车.和谐车用端子排"]
[3,"M000000027685","接线端子[P8]","PC",370,12,12840,"HXD3","HXD3系列机车","C+","方式2","大连博通科技发展有限公司","太原市富力通机电设备有限公司",{"$nulls":3},"直流车.和谐车用端子排"]
[4,"M000000027852","端子排[TB-CMP]","PC",1,12,32,"HXD3","HXD3系列机车","C+","方式2","大连博通科技发展有限公司","太原市富力通机电设备有限公司",{"$nulls":3},"直流车.和谐车用端子排"]
[5,"M000000027885","端子排[TB2-2]","PC",1,12,32,"HXD3","HXD3系列机车","C+","方式2","大连博通科技发展有限公司","太原市富力通机电设备有限公司",{"$nulls":3},"直流车.和谐车用端子排"]
[6,"M000000027886","端子排[TB2-1]","PC",1,12,32,"HXD3","HXD3系列机车","C+","方式2","大连博通科技发展有限公司","太原市富力通机电设备有限公司",{"$nulls":3},"直流车.和谐车用端子排"]
[7,"M000000027887","端子排[TB1-2]","PC",1,12,32,"HXD3","HXD3系列机车","C+","方式2","大连博通科技发展有限公司","太原市富力通机电设备有限公司",{"$nulls":3},"直流车.和谐车用端子排"]
[8,"M000000027888","端子排[TB1-1]","PC",1,12,32,"HXD3","HXD3系列机车","C+","方式2","大连博通科技发展有限公司","太原市富力通机电设备有限公司",{"$nulls":3},"直流车.和谐车用端子排"]
[9,"M000000048027","端子排[TB-BW]","PC",1,12,32,"HXD3","HXD3系列机车","C+","方式2","大连博通科技发展有限公司","太原市富力通机电设备有限公司",{"$nulls":3},"直流车.和谐车用端子排"]
[10,"M000000148211","端子[WAG0216-2662.5*2.5]","PC",500,38,38000,"和谐车通用","HXD3系列机车","C+","方式2","大连博通科技发展有限公司","太原市富力通机电设备有限公司",{"$nulls":3},"直流车.和谐车用端子排"]
[11,"M000000148225","接线端子[H2519-5]","PC",2,38,152,"和谐车通用","HXD3系列机车","C+","方式2","大连博通科技发展有限公司","太原市富力通机电设备有限公司",{"$nulls":3},"直流车.和谐车用端子排"]
[12,"M000000167696","端子排[XT7-C]","PC",1,9,12,"HXD3C","HXD3系列机车","C+","方式2","大连博通科技发展有限公司","太原市富力通机电设备有限公司",{"$nulls":3},"直流车.和谐车用端子排"]
[13,"M000000167697","端子排[QB1XT-C]","PC",1,9,12,"HXD3C","HXD3系列机车","C+","方式2","大连博通科技发展有限公司","太原市富力通机电设备有限公司",{"$nulls":3},"直流车.和谐车用端子排"]
[14,"M000000167699","端子排[QB2XT]","PC",1,9,12,"HXD3C","HXD3系列机车","C+","方式2","大连博通科技发展有限公司","太原市富力通机电设备有限公司",{"$nulls":3},"直流车.和谐车用端子排"]
[15,"M000000167701","端子排[XT901]","PC",1,9,12,"HXD3C","HXD3系列机车","C+","方式2","大连博通科技发展有限公司","太原市富力通机电设备有限公司",{"$nulls":3},"直流车.和谐车用端子排"]
[16,"M000000167702","端子排[XT801]","PC",1,9,12,"HXD3C","HXD3系列机车","C+","方式2","大连博通科技发展有限公司","太原市富力通机电设备有限公司",{"$nulls":3},"直流车.和谐车用端子排"]
[17,"M000000167707","端子排[XT74]","PC",1,9,12,"HXD3C","HXD3系列机车","C+","方式2","大连博通科技发展有限公司","太原市富力通机电设备有限公司",{"$nulls":3},"直流车.和谐车用端子排"]
[18,"M000000167708","端子排[XT73]","PC",1,9,12,"HXD3C","HXD3系列机车","C+","方式2","大连博通科技发展有限公司","太原市富力通机电设备有限公司",{"$nulls":3},"直流车.和谐车用端子排"]
[19,"M000000167709","端子排[XT72]","PC",1,9,12,"HXD3C","HXD3系列机车","C+","方式2","大连博通科技发展有限公司","太原市富力通机电设备有限公司",{"$nulls":3},"直流车.和谐车用端子排"]
[20,"M000000167710","端子排[XT71]","PC",1,9,12,"HXD3C","HXD3系列机车","C+","方式2","大连博通科技发展有限公司","太原市富力通机电设备有限公司",{"$nulls":3},"直流车.和谐车用端子排"]
[21,"M000000167711","端子排[XT64]","PC",1,9,12,"HXD3C","HXD3系列机车","C+","方式2","大连博通科技发展有限公司","太原市富力通机电设备有限公司",{"$nulls":3},"直流车.和谐车用端子排"]
[22,"M000000167712","端子排[XT63]","PC",1,9,12,"HXD3C","HXD3系列机车","C+","方式2","大连博通科技发展有限公司","太原市富力通机电设备有限公司",{"$nulls":3},"直流车.和谐车用端子排"]
[23,"M000000167713","端子排[XT62]","PC",1,9,12,"HXD3C","HXD3系列机车","C+","方式2","大连博通科技发展有限公司","太原市富力通机电设备有限公司",{"$nulls":3},"直流车.和谐车用端子排"]
[24,"M000000167714","端子排[XT26]","PC",1,9,12,"HXD3C","HXD3系列机车","C+","方式2","大连博通科技发展有限公司","太原市富力通机电设备有限公司",{"$nulls":3},"直流车.和谐车用端子排"]
[25,"M000000167716","端子排[XT11]","PC",1,9,12,"HXD3C","HXD3系列机车","C+","方式2","大连博通科技发展有限公司","太原市富力通机电设备有限公司",{"$nulls":3},"直流车.和谐车用端子排"]
[26,"M000000234527","终端挡块[249-117]","PC",4,38,304,"和谐车通用","HXD3系列机车","C+","方式2","大连博通科技发展有限公司","太原市富力通机电设备有限公司",{"$nulls":3},"直流车.和谐车用端子排"]
[27,"M000000276057","端子[2002-1301]","PC",8,38,304,"和谐车通用","HXD3系列机车","C+","方式2","大连博通科技发展有限公司","太原市富力通机电设备有限公司",{"$nulls":3},"直流车.和谐车用端子排"]
[28,"M000000359630","二极管端子排[XT8]","PC",1,12,32,"HXD3","HXD3系列机车","C+","方式2","大连博通科技发展有限公司","太原市富力通机电设备有限公司",{"$nulls":3},"直流车.和谐车用端子排"]
[29,"M000000679489","端子排[AXT2-HXD3]","PC",1,12,32,"HXD3","HXD3系列机车","C+","方式2","大连博通科技发展有限公司","太原市富力通机电设备有限公司",{"$nulls":3},"直流车.和谐车用端子排"]
[30,"M000000835760","端子排[灰色2002-1301]","PC",20,38,1520,"和谐车通用","HXD3系列机车","C+","方式2","大连博通科技发展有限公司","太原市富力通机电设备有限公司",{"$nulls":3},"直流车.和谐车用端子排"]
[31,"M000000937998","接线端子[280-815/281-410]","PC",4,12,128,"HXD3","HXD3系列机车","C+","方式2","大连博通科技发展有限公司","太原市富力通机电设备有限公司",{"$nulls":3},"直流车.和谐车用端子排"]
[32,"M000001034460","接线端子[216-202II(2X1.0mm2)]","PC",2,38,152,"和谐车通用","HXD3系列机车","C+","方式2","大连博通科技发展有限公司","太原市富力通机电设备有限公司",{"$nulls":3},"直流车.和谐车用端子排"]
[33,"M000001209384","端子[216-244]","PC",660,38,50160,"和谐车通用","HXD3系列机车","C+","方式2","大连博通科技发展有限公司","太原市富力通机电设备有限公司",{"$nulls":3},"直流车.和谐车用端子排"]
[34,"M000001209385","端子[216-243]","PC",400,38,30400,"和谐车通用","HXD3系列机车","C+","方式2","大连博通科技发展有限公司","太原市富力通机电设备有限公司",{"$nulls":3},"直流车.和谐车用端子排"]
[35,"M000001209386","端子[216-241]","PC",100,38,7600,"和谐车通用","HXD3系列机车","C+","方式2","大连博通科技发展有限公司","太原市富力通机电设备有限公司",{"$nulls":3},"直流车.和谐车用端子排"]
[36,"M000001301713","端子排[LVTB-G]","PC",1,12,32,"HXD3","HXD3系列机车","C+","方式2","大连博通科技发展有限公司","太原市富力通机电设备有限公司",{"$nulls":3},"直流车.和谐车用端子排"]
[37,"M000001364870","管状端子[AI1.0-12]","PC",20,38,1520,"和谐车通用","HXD3系列机车","C+","方式2","大连博通科技发展有限公司","太原市富力通机电设备有限公司",{"$nulls":3},"直流车.和谐车用端子排"]
[38,"M000001364871","管状端子[AI0.5-12]","PC",100,38,7600,"和谐车通用","HXD3系列机车","C+","方式2","大连博通科技发展有限公司","太原市富力通机电设备有限公司",{"$nulls":3},"直流车.和谐车用端子排"]
[39,"M000001364961","管状端子[AI1.5-12]","PC",20,38,1520,"和谐车通用","HXD3系列机车","C+","方式2","大连博通科技发展有限公司","太原市富力通机电设备有限公司",{"$nulls":3},"直流车.和谐车用端子排"]
[40,"M000001456224","管状端子[AI2.5-12]","PC",120,38,9120,"和谐车通用","HXD3系列机车","C+","方式2","大连博通科技发展有限公司","太原市富力通机电设备有限公司",{"$nulls":3},"直流车.和谐车用端子排"]
[41,"M000001456225","管状端子[AI4-12]","PC",20,38,1520,"和谐车通用","HXD3系列机车","C+","方式2","大连博通科技发展有限公司","太原市富力通机电设备有限公司",{"$nulls":3},"直流车.和谐车用端子排"]
[42,"M000001456226","管状端子[AI6-12]","PC",50,38,3800,"和谐车通用","HXD3系列机车","C+","方式2","大连博通科技发展有限公司","太原市富力通机电设备有限公司",{"$nulls":3},"直流车.和谐车用端子排"]
[43,"M000001456227","管状端子[AI10-12]","PC",120,38,9120,"和谐车通用","HXD3系列机车","C+","方式2","大连博通科技发展有限公司","太原市富力通机电设备有限公司",{"$nulls":3},"直流车.和谐车用端子排"]
[44,"M000001468114","端子排挡板[WAGO249]","PC",4,38,304,"和谐车通用","HXD3系列机车","C+","方式2","大连博通科技发展有限公司","太原市富力通机电设备有限公司",{"$nulls":3},"直流车.和谐车用端子排"]
[45,"M000001708629","跨接线[2002-0402]","PC",8,38,608,"和谐车通用","HXD3系列机车","C+","方式2","大连博通科技发展有限公司","太原市富力通机电设备有限公司",{"$nulls":3},"直流车.和谐车用端子排"]
[46,"M000002084454","端子排[BXT]","PC",1,12,32,"HXD3","HXD3系列机车","C+","方式2","大连博通科技发展有限公司","太原市富力通机电设备有限公司",{"$nulls":3},"直流车.和谐车用端子排"]
[47,"M000002094344","端子排[TB-ATP]","PC",1,12,32,"HXD3","HXD3系列机车","C+","方式2","大连博通科技发展有限公司","太原市富力通机电设备有限公司",{"$nulls":3},"直流车.和谐车用端子排"]
[48,"M000002165809","HXD3限鸣端子排[AXT6]","PC",1,12,32,"HXD3","HXD3系列机车","C+","方式2","大连博通科技发展有限公司","太原市富力通机电设备有限公司",{"$nulls":3},"直流车.和谐车用端子排"]
[49,"M000002165810","HXD3限鸣端子排[BXT6]","PC",1,12,32,"HXD3","HXD3系列机车","C+","方式2","大连博通科技发展有限公司","太原市富力通机电设备有限公司",{"$nulls":3},"直流车.和谐车用端子排"]
[50,"M000002236448","WAGO接线端子[280-833]","PC",10,38,760,"和谐车通用","HXD3系列机车","C+","方式2","大连博通科技发展有限公司","太原市富力通机电设备有限公司",{"$nulls":3},"直流车.和谐车用端子排"]
[51,"M000002236449","跨接端子[280-402]","PC",10,38,760,"和谐车通用","HXD3系列机车","C+","方式2","大连博通科技发展有限公司","太原市富力通机电设备有限公司",{"$nulls":3},"直流车.和谐车用端子排"]
[52,"M000004102053","HXD3操纵台端子排[AXT-2/BXT-2]","PC",2,12,64,"HXD3","HXD3系列机车","C+","方式2","大连博通科技发展有限公司","太原市富力通机电设备有限公司",{"$nulls":3},"直流车.和谐车用端子排"]
[53,"M000004305231","端子排[LVTB-EV]","PC",1,38,76,"和谐车通用","HXD3系列机车","C+","方式2","大连博通科技发展有限公司","太原市富力通机电设备有限公司",{"$nulls":3},"直流车.和谐车用端子排"]
[54,"M000004683235","接线端子[G 5/2]","PC",4,38,304,"和谐车通用","HXD3系列机车","C+","方式2","大连博通科技发展有限公司","太原市富力通机电设备有限公司",{"$nulls":3},"直流车.和谐车用端子排"]
[55,"M000001606231","接线端子[2004-1401]","PC",2,38,50,"和谐车通用","HXD3系列机车","C+","方式2","大连博通科技发展有限公司","太原市富力通机电设备有限公司",{"$nulls":3},"直流车.和谐车用端子排"]
[56,"M000003066037","跨接器[WAGO780-454]","PC",4,38,152,"和谐车通用","HXD3系列机车","C+","方式2","大连博通科技发展有限公司","太原市富力通机电设备有限公司",{"$nulls":3},"直流车.和谐车用端子排"]
[57,"M000002616967","跨界器[780-455]","PC",10,38,380,"和谐车通用","HXD3系列机车","C+","方式2","大连博通科技发展有限公司","太原市富力通机电设备有限公司",{"$nulls":3},"直流车.和谐车用端子排"]
[58,"M000000675089","端板[ZAP-TW1]","PC",3,38,100,"和谐车通用","HXD3系列机车","C+","方式2","大连博通科技发展有限公司","太原市富力通机电设备有限公司",{"$nulls":3},"直流车.和谐车用端子排"]
[59,"M000003975599","端子标记座[SCHT 5 S GR]","PC",3,38,100,"和谐车通用","HXD3系列机车","C+","方式2","大连博通科技发展有限公司","太原市富力通机电设备有限公司",{"$nulls":3},"直流车.和谐车用端子排"]
[60,"M000000257072","固定件[ZEW35]","PC",3,38,100,"和谐车通用","HXD3系列机车","C+","方式2","大连博通科技发展有限公司","太原市富力通机电设备有限公司",{"$nulls":3},"直流车.和谐车用端子排"]
[61,"M000003399949","二极管端子[ST 4-DIO 1N5408K/L-R]","PC",1,38,10,"和谐车通用","HXD3系列机车","C+","方式2","大连博通科技发展有限公司","太原市富力通机电设备有限公司",{"$nulls":3},"直流车.和谐车用端子排"]
[62,"M000002356260","接线端子排[2KXTA]","PC",1,3,6,"SS7E","直流机车","C+","方式2","大连博通科技发展有限公司","太原市富力通机电设备有限公司",{"$nulls":3},"直流车.和谐车用端子排"]
[63,"M000002330392","接线端子组装[52XT24级]","PC",1,3,6,"SS7E","直流机车","C+","方式2","大连博通科技发展有限公司","太原市富力通机电设备有限公司",{"$nulls":3},"直流车.和谐车用端子排"]
[64,"M000002330391","接线端子组装[51XT24级]","PC",1,3,6,"SS7E","直流机车","C+","方式2","大连博通科技发展有限公司","太原市富力通机电设备有限公司",{"$nulls":3},"直流车.和谐车用端子排"]
[65,"M000002330389","接线端子排[41XT18级]","PC",1,3,6,"SS7E","直流机车","C+","方式2","大连博通科技发展有限公司","太原市富力通机电设备有限公司",{"$nulls":3},"直流车.和谐车用端子排"]
[66,"M000002330390","接线端子排[42XT24级]","PC",1,3,6,"SS7E","直流机车","C+","方式2","大连博通科技发展有限公司","太原市富力通机电设备有限公司",{"$nulls":3},"直流车.和谐车用端子排"]
[67,"M000002356261","接线端子排[1KXTA(1KXTB)]","PC",1,3,6,"SS7E","直流机车","C+","方式2","大连博通科技发展有限公司","太原市富力通机电设备有限公司",{"$nulls":3},"直流车.和谐车用端子排"]
[68,"M000001784902","牵引电机连接器'JL87J1TY-3C","PC",18,17,306,"HXD3D","HXD3系列机车","C+","方式2","四川华丰科技股份有限公司",{"$nulls":4},"HXD3系列机车用HF连接器"]
[69,"M000001784870","牵引电机连接器[JL87K1ZY-3C]","PC",18,38,684,"和谐车通用","HXD3系列机车","C+","方式2","四川华丰科技股份有限公司",{"$nulls":4},"HXD3系列机车用HF连接器"]
[70,"M000001784848","行灯插头[JL94J4TY]","PC",4,12,48,"HXD3","HXD3系列机车","C+","方式2","四川华丰科技股份有限公司",{"$nulls":4},"HXD3系列机车用HF连接器"]
[71,"M000001784849","行灯插座[JL94K4ZY]","PC",4,12,48,"HXD3","HXD3系列机车","C+","方式2","四川华丰科技股份有限公司",{"$nulls":4},"HXD3系列机车用HF连接器"]
[72,"M000001784953","矩形连接器'CD4-50TWYK（QE4501A50S）","PC",1,12,12,"HXD3","HXD3系列机车","C+","方式2","四川华丰科技股份有限公司",{"$nulls":4},"HXD3系列机车用HF连接器"]
[73,"M000001784954","矩形连接器[CD4-50ZYJ（QE4401-50P）-3C]","PC",1,12,12,"HXD3","HXD3系列机车","C+","方式2","四川华丰科技股份有限公司",{"$nulls":4},"HXD3系列机车用HF连接器"]
[74,"M000001784950","列车供电插座[DL4DC750/670ZA]","PC",4,9,36,"HXD3C","HXD3系列机车","C+","方式2","四川华丰科技股份有限公司",{"$nulls":4},"HXD3系列机车用HF连接器"]
[75,"M000001784951","集控插座电缆组件[43芯/JL43AY-IJKXS1-3C]","PC",2,9,18,"HXD3C","HXD3系列机车","C+","方式2","四川华丰科技股份有限公司",{"$nulls":4},"HXD3系列机车用HF连接器"]
[76,"M000001785068","圆形连接器插头[JL88K27TY/27芯]","PC",46,12,552,"HXD3","HXD3系列机车","C+","方式2","四川华丰科技股份有限公司",{"$nulls":4},"HXD3系列机车用HF连接器"]
[77,"M000001785069","圆形连接器插座[JL88J27ZY/27芯]","PC",23,12,276,"HXD3","HXD3系列机车","C+","方式2","四川华丰科技股份有限公司",{"$nulls":4},"HXD3系列机车用HF连接器"]
[78,"M000002309620","5芯矩形插头[HDC-Q-5PC-US-1/M20-I]","PC",11,17,187,"HXD3D","HXD3系列机车","C+","方式2","四川华丰科技股份有限公司",{"$nulls":4},"HXD3系列机车用HF连接器"]
[79,"M000002309621","5芯矩形插座[HDC-Q-5SC-SS-1/M20-I]","PC",11,17,187,"HXD3D","HXD3系列机车","C+","方式2","四川华丰科技股份有限公司",{"$nulls":4},"HXD3系列机车用HF连接器"]
[80,"M000001785071","重联连接器[JL89D27ZY]","PC",4,12,48,"HXD3","HXD3系列机车","C+","方式2","四川华丰科技股份有限公司",{"$nulls":4},"HXD3系列机车用HF连接器"]
[81,"M000000508823","64芯侧出线插头[HDC-D-64PC-SDL-1/M40]","PC",8,12,96,"HXD3","HXD3系列机车","C+","方式2","四川华丰科技股份有限公司",{"$nulls":4},"HXD3系列机车用HF连接器"]
[82,"M000000242302","64芯双侧锁定插座[HDC-D-64SC-DDL]","PC",8,12,96,"HXD3","HXD3系列机车","C+","方式2","四川华丰科技股份有限公司",{"$nulls":4},"HXD3系列机车用HF连接器"]
[83,"M000001784871","充电插座[JL90J4ZY-3C/DC110V]","PC",1,38,38,"和谐车通用","HXD3系列机车","C+","方式2","四川华丰科技股份有限公司",{"$nulls":4},"HXD3系列机车用HF连接器"]
[84,"M000001784904","圆形插座[JL92J7ZY-3C/7芯]","PC",6,21,126,"HXD3/HXD3C","HXD3系列机车","C+","方式2","四川华丰科技股份有限公司",{"$nulls":4},"HXD3系列机车用HF连接器"]
[85,"M000001784873","圆形插座[JL91J5ZY-3C/5芯]","PC",6,21,126,"HXD3/HXD3C","HXD3系列机车","C+","方式2","四川华丰科技股份有限公司",{"$nulls":4},"HXD3系列机车用HF连接器"]
[86,"M000001784872","圆形插头[JL91K5TY-3C/5芯]","PC",6,21,126,"HXD3/HXD3C","HXD3系列机车","C+","方式2","四川华丰科技股份有限公司",{"$nulls":4},"HXD3系列机车用HF连接器"]
[87,"M000001784905","主、辅回路动力插座[JLG6K3ZY-3C]","PC",3,38,114,"和谐车通用","HXD3系列机车","C+","方式2","四川华丰科技股份有限公司",{"$nulls":4},"HXD3系列机车用HF连接器"]
[88,"M000001784944","重联插座[JL89D27ZYA-XSCZ1/6000-3C]","PC",1,26,26,"HXD3C/HXD3D","HXD3系列机车","C+","方式2","四川华丰科技股份有限公司",{"$nulls":4},"HXD3系列机车用HF连接器"]
[89,"M000001784945","重联插座[JL89D27ZYA-XSCZ2/9000-3C]","PC",1,26,26,"HXD3C/HXD3D","HXD3系列机车","C+","方式2","四川华丰科技股份有限公司",{"$nulls":4},"HXD3系列机车用HF连接器"]
[90,"M000001784946","重联插座[JL89D27ZYA-XSCZ3/6000-3C]","PC",1,26,26,"HXD3C/HXD3D","HXD3系列机车","C+","方式2","四川华丰科技股份有限公司",{"$nulls":4},"HXD3系列机车用HF连接器"]
[91,"M000001784947","重联插座[JL89D27ZYA-XSCZ4/9000-3C]","PC",1,26,26,"HXD3C/HXD3D","HXD3系列机车","C+","方式2","四川华丰科技股份有限公司",{"$nulls":4},"HXD3系列机车用HF连接器"]
[92,"M000001784908","双侧锁定侧出线插头[32芯/HDC-EE-32PC-SDL?-1/M32/]","PC",3,26,78,"HXD3C/HXD3D","HXD3系列机车","C+","方式2","四川华丰科技股份有限公司",{"$nulls":4},"HXD3系列机车用HF连接器"]
[93,"M000001784909","双侧锁定插座[32芯/HDC-EE-32SC-DDL-I]","PC",3,26,78,"HXD3C/HXD3D","HXD3系列机车","C+","方式2","四川华丰科技股份有限公司",{"$nulls":4},"HXD3系列机车用HF连接器"]
[94,"M000001784910","双侧锁定顶出线插头[46芯/HDC-EE-46PC-UDL?-1/M40]","PC",9,26,234,"HXD3C/HXD3D","HXD3系列机车","C+","方式2","四川华丰科技股份有限公司",{"$nulls":4},"HXD3系列机车用HF连接器"]
[95,"M000001784911","双侧锁定侧出线插头[46芯/HDC-EE-46PC-SDL?-1/M40]","PC",23,26,598,"HXD3C/HXD3D","HXD3系列机车","C+","方式2","四川华丰科技股份有限公司",{"$nulls":4},"HXD3系列机车用HF连接器"]
[96,"M000001784912","双侧锁定插座[46芯/HDC-EE-46SC-DDL]","PC",25,26,650,"HXD3C/HXD3D","HXD3系列机车","C+","方式2","四川华丰科技股份有限公司",{"$nulls":4},"HXD3系列机车用HF连接器"]
[97,"M000001784913","双侧锁定顶\\侧出线插头[64芯/HDC-D-64PC-U/SDL-2/M40]","PC",11,26,286,"HXD3C/HXD3D","HXD3系列机车","C+","方式2","四川华丰科技股份有限公司",{"$nulls":4},"HXD3系列机车用HF连接器"]
[98,"M000001784914","双侧锁定插座[64芯/HDC-D-64SC-DDL]","PC",10,26,260,"HXD3C/HXD3D","HXD3系列机车","C+","方式2","四川华丰科技股份有限公司",{"$nulls":4},"HXD3系列机车用HF连接器"]
[99,"M000001784915","单侧锁定顶出线插头[HDC-Mod-100A-PC-UEL-1/M32]","PC",1,26,26,"HXD3C/HXD3D","HXD3系列机车","C+","方式2","四川华丰科技股份有限公司",{"$nulls":4},"HXD3系列机车用HF连接器"]
[100,"M000001784916","单侧锁定插座[HDC-Mod-100A-SC-DEL(C)]","PC",1,26,26,"HXD3C/HXD3D","HXD3系列机车","C+","方式2","四川华丰科技股份有限公司",{"$nulls":4},"HXD3系列机车用HF连接器"]
[101,"M000001785110","插头[2XM6/HDC-Mod-2XE6-PC]","PC",2,26,52,"HXD3C/HXD3D","HXD3系列机车","C+","方式2","四川华丰科技股份有限公司",{"$nulls":4},"HXD3系列机车用HF连接器"]
[102,"M000001785111","插座[2XM6/HDC-Mod-2XE6-SC]","PC",2,26,52,"HXD3C/HXD3D","HXD3系列机车","C+","方式2","四川华丰科技股份有限公司",{"$nulls":4},"HXD3系列机车用HF连接器"]
[103,"M000001785112","插头[3XM8/HDC-Mod-3XEE8-PC]","PC",3,26,78,"HXD3C/HXD3D","HXD3系列机车","C+","方式2","四川华丰科技股份有限公司",{"$nulls":4},"HXD3系列机车用HF连接器"]
[104,"M000001785113","插座[3XM8/HDC-Mod-3XEE8-SC]","PC",3,26,78,"HXD3C/HXD3D","HXD3系列机车","C+","方式2","四川华丰科技股份有限公司",{"$nulls":4},"HXD3系列机车用HF连接器"]
[105,"M000001785114","插头[3XM2（100A）/HDC-Mod-3X100A-PC]","PC",3,26,78,"HXD3C/HXD3D","HXD3系列机车","C+","方式2","四川华丰科技股份有限公司",{"$nulls":4},"HXD3系列机车用HF连接器"]
[106,"M000001785115","插座[3XM2(100A)/HDC-Mod-3X100A-SC]","PC",3,26,78,"HXD3C/HXD3D","HXD3系列机车","C+","方式2","四川华丰科技股份有限公司",{"$nulls":4},"HXD3系列机车用HF连接器"]
[107,"M000001784948","XPCZ重联插头[JL89D27TY]","PC",4,17,68,"HXD3D","HXD3系列机车","C+","方式2","四川华丰科技股份有限公司",{"$nulls":4},"HXD3系列机车用HF连接器"]
[108,"M000000241197","电机温度传感器插座[JL118J5ZY]","PC",6,17,102,"HXD3D","HXD3系列机车","C+","方式2","四川华丰科技股份有限公司",{"$nulls":4},"HXD3系列机车用HF连接器"]
[109,"M000002333640","7芯圆形插座[JL92J7ZYA-HXD3D]","PC",6,17,102,"HXD3D","HXD3系列机车","C+","方式2","四川华丰科技股份有限公司",{"$nulls":4},"HXD3系列机车用HF连接器"]
[110,"M000001784906","航空插头[QS13K5TY-3C/5芯]","PC",4,26,104,"HXD3C/HXD3D","HXD3系列机车","C+","方式2","四川华丰科技股份有限公司",{"$nulls":4},"HXD3系列机车用HF连接器"]
[111,"M000001784907","航空插座[QS13J5ZY-3C/5芯]","PC",4,26,104,"HXD3C/HXD3D","HXD3系列机车","C+","方式2","四川华丰科技股份有限公司",{"$nulls":4},"HXD3系列机车用HF连接器"]
[112,"M000000167224","电空控制插座[JL10-5ZY-Ⅱ]","PC",4,17,68,"HXD3D","HXD3系列机车","C+","方式2","四川华丰科技股份有限公司",{"$nulls":4},"HXD3系列机车用HF连接器"]
[113,"M000000214012","3芯插头[QS7-18T3KMY]","PC",4,38,152,"和谐车通用","HXD3系列机车","C+","方式2","四川华丰科技股份有限公司",{"$nulls":4},"HXD3系列机车用HF连接器"]
[114,"M000000214013","3芯插座[QS7-18Z3JMY]","PC",4,38,152,"和谐车通用","HXD3系列机车","C+","方式2","四川华丰科技股份有限公司",{"$nulls":4},"HXD3系列机车用HF连接器"]
[115,"M000001784921","行灯插座[JL10-5ZSY-I-3C]","PC",4,9,36,"HXD3C","HXD3系列机车","C+","方式2","四川华丰科技股份有限公司",{"$nulls":4},"HXD3系列机车用HF连接器"]
[116,"M000001784875","插孔'RR6.604.1352/10A/0.5m㎡","PC",100,38,3800,"和谐车通用","HXD3系列机车","C+","方式2","四川华丰科技股份有限公司",{"$nulls":4},"HXD3系列机车用HF连接器"]
[117,"M000001784934","插孔[RR6.604.1552/16A/2.5m㎡]","PC",170,26,4420,"HXD3C/HXD3D","HXD3系列机车","C+","方式2","四川华丰科技股份有限公司",{"$nulls":4},"HXD3系列机车用HF连接器"]
[118,"M000001784882","插针[RR7.744.1825/16A/2.5m㎡]","PC",120,26,3120,"HXD3C/HXD3D","HXD3系列机车","C+","方式2","四川华丰科技股份有限公司",{"$nulls":4},"HXD3系列机车用HF连接器"]
[119,"M000001784880","插针[RR7.744.1823/16A/0.75-1m㎡]","PC",260,26,6760,"HXD3C/HXD3D","HXD3系列机车","C+","方式2","四川华丰科技股份有限公司",{"$nulls":4},"HXD3系列机车用HF连接器"]
[120,"M000001784929","插针[RR6.602.604/10A/1.5m㎡]","PC",400,26,10400,"HXD3C/HXD3D","HXD3系列机车","C+","方式2","四川华丰科技股份有限公司",{"$nulls":4},"HXD3系列机车用HF连接器"]
[121,"M000001784876","插孔[RR6.604.1354/10A/1m㎡]","PC",400,26,10400,"HXD3C/HXD3D","HXD3系列机车","C+","方式2","四川华丰科技股份有限公司",{"$nulls":4},"HXD3系列机车用HF连接器"]
[122,"M000001784925","编码销[RR8.366.234]","PC",100,38,3800,"和谐车通用","HXD3系列机车","C+","方式2","四川华丰科技股份有限公司",{"$nulls":4},"HXD3系列机车用HF连接器"]
[123,"M000001784926","编码孔[RR8.366.235]","PC",100,38,3800,"和谐车通用","HXD3系列机车","C+","方式2","四川华丰科技股份有限公司",{"$nulls":4},"HXD3系列机车用HF连接器"]
[124,"M000001784930","插针[RR6.602.605/10A/2.5m㎡]","PC",250,12,3000,"HXD3","HXD3系列机车","C+","方式2","四川华丰科技股份有限公司",{"$nulls":4},"HXD3系列机车用HF连接器"]
[125,"M000001784878","插孔[RR6.604.1356/10A/2.5m㎡]","PC",220,12,2640,"HXD3","HXD3系列机车","C+","方式2","四川华丰科技股份有限公司",{"$nulls":4},"HXD3系列机车用HF连接器"]
[126,"M000001784881","插针[RR7.744.1824/16A/1.5m㎡]","PC",500,26,13000,"HXD3C/HXD3D","HXD3系列机车","C+","方式2","四川华丰科技股份有限公司",{"$nulls":4},"HXD3系列机车用HF连接器"]
[127,"M000001784932","插孔[RR6.604.1550/16A/0.75-1m㎡]","PC",480,26,12480,"HXD3C/HXD3D","HXD3系列机车","C+","方式2","四川华丰科技股份有限公司",{"$nulls":4},"HXD3系列机车用HF连接器"]
[128,"M000001784933","插孔[RR6.604.1551/16A/1.5m㎡]","PC",510,26,13260,"HXD3C/HXD3D","HXD3系列机车","C+","方式2","四川华丰科技股份有限公司",{"$nulls":4},"HXD3系列机车用HF连接器"]
[129,"M000001784936","插针[RR6.602.1140/100A/16m㎡]","PC",18,26,468,"HXD3C/HXD3D","HXD3系列机车","C+","方式2","四川华丰科技股份有限公司",{"$nulls":4},"HXD3系列机车用HF连接器"]
[130,"M000001784938","插孔[RR6.604.1995/100A/16m㎡]","PC",18,26,468,"HXD3C/HXD3D","HXD3系列机车","C+","方式2","四川华丰科技股份有限公司",{"$nulls":4},"HXD3系列机车用HF连接器"]
[131,"M000002356278","集控插座电缆组件'JL43AY-1和2   JKXS1-HXD3D","PC",2,17,34,"HXD3D","HXD3系列机车","C+","方式2","四川华丰科技股份有限公司",{"$nulls":4},"HXD3系列机车用HF连接器"]
[132,"M000001784956","牵引电机连接器[YG-JL87K1ZY-3C]","PC",18,38,684,"和谐车通用","HXD3系列机车","C+","方式2","浙江永贵电器股份有限公司",{"$nulls":4},"HXD3系列机车用HF连接器"]
[133,"M000001784866","行灯插座[YG-JL94K4ZY]","PC",4,12,48,"HXD3","HXD3系列机车","C+","方式2","浙江永贵电器股份有限公司",{"$nulls":4},"HXD3系列机车用YG连接器"]
[134,"M000001784865","行灯插头[YG-JL94J4TY]","PC",4,12,48,"HXD3","HXD3系列机车","C+","方式2","浙江永贵电器股份有限公司",{"$nulls":4},"HXD3系列机车用YG连接器"]
[135,"M000001785015","矩形连接器[YG-CD4-50TWYK（QE4501A50S）]","PC",1,12,12,"HXD3","HXD3系列机车","C+","方式2","浙江永贵电器股份有限公司",{"$nulls":4},"HXD3系列机车用YG连接器"]
[136,"M000001785016","矩形连接器[YG-CD4-50ZYJ（QE4401-50P）]","PC",1,12,12,"HXD3","HXD3系列机车","C+","方式2","浙江永贵电器股份有限公司",{"$nulls":4},"HXD3系列机车用YG连接器"]
[137,"M000001785012","列车供电插座[YG-DL4DC750/670ZA]","PC",4,9,36,"HXD3C","HXD3系列机车","C+","方式2","浙江永贵电器股份有限公司",{"$nulls":4},"HXD3系列机车用YG连接器"]
[138,"M000001785013","集控插座电缆组件[YG-JL43AY-IJKXS1-3C/43芯]","PC",2,9,18,"HXD3C","HXD3系列机车","C+","方式2","浙江永贵电器股份有限公司",{"$nulls":4},"HXD3系列机车用YG连接器"]
[139,"M000001784858","27芯圆形连接器插头[YG-JL88K27TY]","PC",46,12,552,"HXD3","HXD3系列机车","C+","方式2","浙江永贵电器股份有限公司",{"$nulls":4},"HXD3系列机车用YG连接器"]
[140,"M000001784859","27芯圆形连接器插座[YG-JL88J27ZY]","PC",23,12,276,"HXD3","HXD3系列机车","C+","方式2","浙江永贵电器股份有限公司",{"$nulls":4},"HXD3系列机车用YG连接器"]
[141,"M000002309614","5芯矩形插头[YGC-B5G-P]","PC",11,17,187,"HXD3D","HXD3系列机车","C+","方式2","浙江永贵电器股份有限公司",{"$nulls":4},"HXD3系列机车用YG连接器"]
[142,"M000000167154","5芯矩形插座[YGC-B5G-S]","PC",11,17,187,"HXD3D","HXD3系列机车","C+","方式2","浙江永贵电器股份有限公司",{"$nulls":4},"HXD3系列机车用YG连接器"]
[143,"M000001784959","充电插座[YG-JL90J4ZY-3C/DC110V]","PC",1,38,38,"和谐车通用","HXD3系列机车","C+","方式2","浙江永贵电器股份有限公司",{"$nulls":4},"HXD3系列机车用YG连接器"]
[144,"M000001784963","圆形插座[YG-JL92J7ZY-3C/7芯]","PC",6,21,126,"HXD3/HXD3C","HXD3系列机车","C+","方式2","浙江永贵电器股份有限公司",{"$nulls":4},"HXD3系列机车用YG连接器"]
[145,"M000001784961","圆形插座[YG-JL91J5ZY-3C/5芯]","PC",6,21,126,"HXD3/HXD3C","HXD3系列机车","C+","方式2","浙江永贵电器股份有限公司",{"$nulls":4},"HXD3系列机车用YG连接器"]
[146,"M000001784960","圆形插头[YG-JL91K5TY-3C/5芯]","PC",6,21,126,"HXD3/HXD3C","HXD3系列机车","C+","方式2","浙江永贵电器股份有限公司",{"$nulls":4},"HXD3系列机车用YG连接器"]
[147,"M000001784996","主、辅回路动力插座[YG-JLG6K3ZY-3C]","PC",3,38,114,"和谐车通用","HXD3系列机车","C+","方式2","浙江永贵电器股份有限公司",{"$nulls":4},"HXD3系列机车用YG连接器"]
[148,"M000001785006","重联插座[YG-JL89D27ZYA-XSCZ1/6000-3C]","PC",1,9,9,"HXD3C","HXD3系列机车","C+","方式2","浙江永贵电器股份有限公司",{"$nulls":4},"HXD3系列机车用YG连接器"]
[149,"M000001785007","重联插座[YG-JL89D27ZYA-XSCZ2/9000-3C]","PC",1,9,9,"HXD3C","HXD3系列机车","C+","方式2","浙江永贵电器股份有限公司",{"$nulls":4},"HXD3系列机车用YG连接器"]
[150,"M000001785008","重联插座[YG-JL89D27ZYA-XSCZ3/6000-3C]","PC",1,9,9,"HXD3C","HXD3系列机车","C+","方式2","浙江永贵电器股份有限公司",{"$nulls":4},"HXD3系列机车用YG连接器"]
[151,"M000001785009","重联插座[YG-JL89D27ZYA-XSCZ4/9000-3C]","PC",1,9,9,"HXD3C","HXD3系列机车","C+","方式2","浙江永贵电器股份有限公司",{"$nulls":4},"HXD3系列机车用YG连接器"]
[152,"M000001784999","双侧锁定侧出线插头[YGC-B77/A32-12-P-3C/32芯]","PC",3,26,78,"HXD3C/HXD3D","HXD3系列机车","C+","方式2","浙江永贵电器股份有限公司",{"$nulls":4},"HXD3系列机车用YG连接器"]
[153,"M000001785000","双侧锁定插座[YGC-B77/A32-2-S-3C/32芯]","PC",3,26,78,"HXD3C/HXD3D","HXD3系列机车","C+","方式2","浙江永贵电器股份有限公司",{"$nulls":4},"HXD3系列机车用YG连接器"]
[154,"M000001785001","双侧锁定顶出线插头[YGC-B104/A46-1-P-3C/46芯]","PC",9,26,234,"HXD3C/HXD3D","HXD3系列机车","C+","方式2","浙江永贵电器股份有限公司",{"$nulls":4},"HXD3系列机车用YG连接器"]
[155,"M000001785002","双侧锁定侧出线插头[YGC-B104/A46-2-P-3C/46芯]","PC",23,26,598,"HXD3C/HXD3D","HXD3系列机车","C+","方式2","浙江永贵电器股份有限公司",{"$nulls":4},"HXD3系列机车用YG连接器"]
[156,"M000001785003","双侧锁定插座[YGC-B104/A46-1-S-3C/46芯]","PC",25,26,650,"HXD3C/HXD3D","HXD3系列机车","C+","方式2","浙江永贵电器股份有限公司",{"$nulls":4},"HXD3系列机车用YG连接器"]
[157,"M000001785004","双侧锁定顶\\侧出线插头[YGC-B104/B64-1-P-3C/64芯]","PC",11,26,286,"HXD3C/HXD3D","HXD3系列机车","C+","方式2","浙江永贵电器股份有限公司",{"$nulls":4},"HXD3系列机车用YG连接器"]
[158,"M000001785005","双侧锁定插座[YGC-B104/B64-1-S-3C/64芯]","PC",10,26,260,"HXD3C/HXD3D","HXD3系列机车","C+","方式2","浙江永贵电器股份有限公司",{"$nulls":4},"HXD3系列机车用YG连接器"]
[159,"M000001784964","单侧锁定顶出线插头[YGC(M2-100)-P-3C/1×M2(100A)]","PC",1,26,26,"HXD3C/HXD3D","HXD3系列机车","C+","方式2","浙江永贵电器股份有限公司",{"$nulls":4},"HXD3系列机车用YG连接器"]
[160,"M000001784965","单侧锁定插座[YGC(M2-100)-S-3C/1×M2(100A)]","PC",1,26,26,"HXD3C/HXD3D","HXD3系列机车","C+","方式2","浙江永贵电器股份有限公司",{"$nulls":4},"HXD3系列机车用YG连接器"]
[161,"M000001784966","插头[YGC-2M6A-P-3C/2×M6]","PC",2,26,52,"HXD3C/HXD3D","HXD3系列机车","C+","方式2","浙江永贵电器股份有限公司",{"$nulls":4},"HXD3系列机车用YG连接器"]
[162,"M000001784967","插座[YGC-2M6A-S-3C/2×M6]","PC",2,26,52,"HXD3C/HXD3D","HXD3系列机车","C+","方式2","浙江永贵电器股份有限公司",{"$nulls":4},"HXD3系列机车用YG连接器"]
[163,"M000001784968","插头[YGC-3M8A-P-3C/3×M8]","PC",3,26,78,"HXD3C/HXD3D","HXD3系列机车","C+","方式2","浙江永贵电器股份有限公司",{"$nulls":4},"HXD3系列机车用YG连接器"]
[164,"M000001784969","插座[YGC-3M8A-S-3C/3×M8]","PC",3,26,78,"HXD3C/HXD3D","HXD3系列机车","C+","方式2","浙江永贵电器股份有限公司",{"$nulls":4},"HXD3系列机车用YG连接器"]
[165,"M000001784970","插头[YGC-3(M2-100)E-P-3C/3×M2（100A）]","PC",3,26,78,"HXD3C/HXD3D","HXD3系列机车","C+","方式2","浙江永贵电器股份有限公司",{"$nulls":4},"HXD3系列机车用YG连接器"]
[166,"M000001784971","插座[YGC-3(M2-100)E-S-3C/3×M2(100A)]","PC",3,26,78,"HXD3C/HXD3D","HXD3系列机车","C+","方式2","浙江永贵电器股份有限公司",{"$nulls":4},"HXD3系列机车用YG连接器"]
[167,"M000000167172","5芯圆形插座[YGC292-P5RG]","PC",6,17,102,"HXD3D","HXD3系列机车","C+","方式2","浙江永贵电器股份有限公司",{"$nulls":4},"HXD3系列机车用YG连接器"]
[168,"M000000167141","圆形插座[YGC-JL92J7ZYL]","PC",6,17,102,"HXD3D","HXD3系列机车","C+","方式2","浙江永贵电器股份有限公司",{"$nulls":4},"HXD3系列机车用YG连接器"]
[169,"M000001784997","航空插头[YG-QS13K5TY-3C/5芯]","PC",4,26,104,"HXD3C/HXD3D","HXD3系列机车","C+","方式2","浙江永贵电器股份有限公司",{"$nulls":4},"HXD3系列机车用YG连接器"]
[170,"M000001784998","航空插座[YG-QS13J5ZY-3C/5芯]","PC",4,26,104,"HXD3C/HXD3D","HXD3系列机车","C+","方式2","浙江永贵电器股份有限公司",{"$nulls":4},"HXD3系列机车用YG连接器"]
[171,"M000002333644","电空控制插座[YG-JL10-5ZY-Ⅱ]","PC",4,17,68,"HXD3D","HXD3系列机车","C+","方式2","浙江永贵电器股份有限公司",{"$nulls":4},"HXD3系列机车用YG连接器"]
[172,"M000001785019","过分相插头[YG-QS7-18T3KMY]","PC",4,38,152,"和谐车通用","HXD3系列机车","C+","方式2","浙江永贵电器股份有限公司",{"$nulls":4},"HXD3系列机车用YG连接器"]
[173,"M000001785020","过分相插座[YG-QS7-18J3ZMY]","PC",4,38,152,"和谐车通用","HXD3系列机车","C+","方式2","浙江永贵电器股份有限公司",{"$nulls":4},"HXD3系列机车用YG连接器"]
[174,"M000004604591","插座加热组件[YGC-JL89KZ]{}","PC",2,12,24,"HXD3","HXD3系列机车","C+","方式2","浙江永贵电器股份有限公司",{"$nulls":4},"HXD3系列机车用YG连接器"]
[175,"M000001785022","行灯插座[YG-JL10-5ZSY-I]","PC",4,9,36,"HXD3C","HXD3系列机车","C+","方式2","浙江永贵电器股份有限公司",{"$nulls":4},"HXD3系列机车用YG连接器"]
[176,"M000001784987","插孔[16A/0.75-1m㎡/YG41-01-04-00/8]","PC",300,26,7800,"HXD3C/HXD3D","HXD3系列机车","C+","方式2","浙江永贵电器股份有限公司",{"$nulls":4},"HXD3系列机车用YG连接器"]
[177,"M000001784988","插孔[16A/1.5m㎡/YG41-01-04-00/9]","PC",300,26,7800,"HXD3C/HXD3D","HXD3系列机车","C+","方式2","浙江永贵电器股份有限公司",{"$nulls":4},"HXD3系列机车用YG连接器"]
[178,"M000001784984","插针[16A/1.5m㎡/YG41-01-02-00/9]","PC",500,26,13000,"HXD3C/HXD3D","HXD3系列机车","C+","方式2","浙江永贵电器股份有限公司",{"$nulls":4},"HXD3系列机车用YG连接器"]
[179,"M000001784991","插针[100A/16m㎡/YG53-01-01-00/2]","PC",18,26,468,"HXD3C/HXD3D","HXD3系列机车","C+","方式2","浙江永贵电器股份有限公司",{"$nulls":4},"HXD3系列机车用YG连接器"]
[180,"M000001784993","插孔[100A/16m㎡/YG53-02-01-00/2]","PC",18,26,468,"HXD3C/HXD3D","HXD3系列机车","C+","方式2","浙江永贵电器股份有限公司",{"$nulls":4},"HXD3系列机车用YG连接器"]
[181,"M000001784977","插针'10A/2.5m㎡/YG45-06-12-00/10","PC",100,26,2600,"HXD3C/HXD3D","HXD3系列机车","C+","方式2","浙江永贵电器股份有限公司",{"$nulls":4},"HXD3系列机车用YG连接器"]
[182,"M000001784978","插孔'10A/0.5m㎡/YG45-06-22-00A/7","PC",100,26,2600,"HXD3C/HXD3D","HXD3系列机车","C+","方式2","浙江永贵电器股份有限公司",{"$nulls":4},"HXD3系列机车用YG连接器"]
[183,"M000001784942","插针[10A/1.5m㎡/YG45-06-12-00/9]","PC",100,26,2600,"HXD3C/HXD3D","HXD3系列机车","C+","方式2","浙江永贵电器股份有限公司",{"$nulls":4},"HXD3系列机车用YG连接器"]
[184,"M000001784980","插孔'10A/1.5m㎡/YG45-06-22-00A/9","PC",100,26,2600,"HXD3C/HXD3D","HXD3系列机车","C+","方式2","浙江永贵电器股份有限公司",{"$nulls":4},"HXD3系列机车用YG连接器"]
[185,"M000001784981","插孔'10A/2.5m㎡/YG45-06-22-00A/10","PC",100,26,2600,"HXD3C/HXD3D","HXD3系列机车","C+","方式2","浙江永贵电器股份有限公司",{"$nulls":4},"HXD3系列机车用YG连接器"]
[186,"M000001784982","插针[16A/0.5m㎡/YG41-01-02-00/7]","PC",200,26,5200,"HXD3C/HXD3D","HXD3系列机车","C","方式2","浙江永贵电器股份有限公司",{"$nulls":4},"HXD3系列机车用YG连接器"]
[187,"M000001784983","插针[16A/0.75-1m㎡/YG41-01-02-00/8]","PC",260,26,6760,"HXD3C/HXD3D","HXD3系列机车","C+","方式2","浙江永贵电器股份有限公司",{"$nulls":4},"HXD3系列机车用YG连接器"]
[188,"M000001784943","插针[16A/2.5m㎡/YG41-01-02-00/10]","PC",120,26,3120,"HXD3C/HXD3D","HXD3系列机车","C+","方式2","浙江永贵电器股份有限公司",{"$nulls":4},"HXD3系列机车用YG连接器"]
[189,"M000001784989","插孔[16A/2.5m㎡/YG41-01-04-00/10]","PC",170,26,4420,"HXD3C/HXD3D","HXD3系列机车","C+","方式2","浙江永贵电器股份有限公司",{"$nulls":4},"HXD3系列机车用YG连接器"]
[190,"M000002309615","集控插座电缆组件TL43AC500/25-I（JKXS1）","PC",2,17,34,"HXD3D","HXD3系列机车","C+","方式2","浙江永贵电器股份有限公司",{"$nulls":4},"HXD3系列机车用YG连接器"]
[191,"M000003227592","电笛按钮[S405M-L(3/3)-C]","PC",2,17,34,"HXD3D","HXD3系列机车","C+","方式2","西安沙尔特宝电气有限公司","西安开天铁路电气股份有限公司",{"$nulls":3},"和谐车用S405按钮"]
[192,"M000000264594","按钮(过分相）[S405-W-B(DC110V/1A)]","PC",2,26,52,"HXD3C/HXD3D","HXD3系列机车","C+","方式2","西安沙尔特宝电气有限公司","西安开天铁路电气股份有限公司",{"$nulls":3},"和谐车用S405按钮"]
[193,"M000000166434","按钮开关(辅助压缩机)[S405M-L-B]","PC",2,26,52,"HXD3C/HXD3D","HXD3系列机车","C+","方式2","西安沙尔特宝电气有限公司","西安开天铁路电气股份有限公司",{"$nulls":3},"和谐车用S405按钮"]
[194,"M000000166472","定速控制按钮[S405-L-B]","PC",2,26,52,"HXD3C/HXD3D","HXD3系列机车","C+","方式2","西安沙尔特宝电气有限公司","西安开天铁路电气股份有限公司",{"$nulls":3},"和谐车用S405按钮"]
[195,"M000000243374","停放缓解按钮[S405-L-B]","PC",2,26,52,"HXD3C/HXD3D","HXD3系列机车","C+","方式2","西安沙尔特宝电气有限公司","西安开天铁路电气股份有限公司",{"$nulls":3},"和谐车用S405按钮"]
[196,"M000001265151","控制按钮[S405M-YJ-B]","PC",2,38,76,"和谐车通用","HXD3系列机车","C+","方式2","西安沙尔特宝电气有限公司","西安开天铁路电气股份有限公司",{"$nulls":3},"和谐车用S405按钮"]
[197,"M000000243378","微机复位按钮[S405-Y-B]","PC",2,38,76,"和谐车通用","HXD3系列机车","C+","方式2","西安沙尔特宝电气有限公司","西安开天铁路电气股份有限公司",{"$nulls":3},"和谐车用S405按钮"]
[198,"M000001202378","高音风笛按钮[S405M-L-B]","PC",6,26,156,"HXD3C/HXD3D","HXD3系列机车","C+","方式2","西安沙尔特宝电气有限公司","西安开天铁路电气股份有限公司",{"$nulls":3},"和谐车用S405按钮"]
[199,"M000001271935","按钮(停放制动)[S405M-H-B]","PC",2,26,52,"HXD3C/HXD3D","HXD3系列机车","C+","方式2","西安沙尔特宝电气有限公司","西安开天铁路电气股份有限公司",{"$nulls":3},"和谐车用S405按钮"]
[200,"M000002309304","退勤照明按钮[QA405-HXD3D]","PC",4,17,68,"HXD3D","HXD3系列机车","C+","方式2","西安沙尔特宝电气有限公司","西安开天铁路电气股份有限公司",{"$nulls":3},"和谐车用S405按钮"]
[201,"M000000253701","停车位置[S405D-W110V]","PC",2,26,52,"HXD3C/HXD3D","HXD3系列机车","C+","方式2","西安沙尔特宝电气有限公司","西安开天铁路电气股份有限公司",{"$nulls":3},"和谐车用S405按钮"]
[202,"M000002272552","按钮[QA4022/2MZG]","PC",2,26,52,"HXD3C/HXD3D","HXD3系列机车","C+","方式2","西安开天铁路电气股份有限公司","西安开天铁路电气股份有限公司",{"$nulls":3},"和谐车用S405按钮"]
[203,"M000002444209","按钮（停放制动带灯）[QA4031/1PZDR]","PC",2,26,52,"HXD3C/HXD3D","HXD3系列机车","C+","方式2","西安开天铁路电气股份有限公司","西安开天铁路电气股份有限公司",{"$nulls":3},"和谐车用S405按钮"]
[204,"M000000845510","微动开关[QKW3-Q507.00.00.00]{}","PC",1,2,2,"SS4","HXD3系列机车","C","方式2","西安开天铁路电气股份有限公司",{"$nulls":4},"和谐车按钮配件"]
[205,"M000002401252","司控器QKW5型速动开关[QKW5D2A6/DC110V1AIth10A]","PC",64,2,128,"SS4","HXD3系列机车","C","方式2","西安开天铁路电气股份有限公司",{"$nulls":4},"和谐车按钮配件"]
[206,"M000000025968","自动过分相按钮[S403-W]","PC",2,12,24,"HXD3","HXD3系列机车","C+","方式2","西安沙尔特宝电气有限公司","乐清市朝前电器有限公司",{"$nulls":3},"和谐车用S403按钮"]
[207,"M000000025952","定速控制按钮[S403-L]","PC",2,12,24,"HXD3","HXD3系列机车","C+","方式2","西安沙尔特宝电气有限公司","乐清市朝前电器有限公司",{"$nulls":3},"和谐车用S403按钮"]
[208,"M000000025955","风笛按钮[S403M-L]","PC",6,12,72,"HXD3","HXD3系列机车","C+","方式2","西安沙尔特宝电气有限公司","乐清市朝前电器有限公司",{"$nulls":3},"和谐车用S403按钮"]
[209,"M000000025957","辅助压缩机按钮[S403-K-B]","PC",1,12,12,"HXD3","HXD3系列机车","C+","方式2","西安沙尔特宝电气有限公司","乐清市朝前电器有限公司",{"$nulls":3},"和谐车用S403按钮"]
[210,"M000000213962","监控解锁按钮[S403M-YSS7D]","PC",2,12,24,"HXD3","HXD3系列机车","C+","方式2","西安沙尔特宝电气有限公司","乐清市朝前电器有限公司",{"$nulls":3},"和谐车用S403按钮"]
[211,"M000000166443","按钮开关[S403MRZ-H(2/2)]","PC",2,38,76,"和谐车通用","HXD3系列机车","C+","方式2","西安沙尔特宝电气有限公司",{"$nulls":4},"直流车用按钮"]
[212,"M000002057417","联锁触头[S826]","PC",4,38,152,"和谐车通用","HXD3系列机车","C","方式2","西安沙尔特宝电气有限公司",{"$nulls":4},"直流车用按钮"]
[213,"M000000149657","触头[S847]","PC",62,2,124,"SS4","直流机车","C","方式2","西安沙尔特宝电气有限公司",{"$nulls":4},"直流车用按钮"]
[214,"M000000214167","按钮开关[S404-L(IP60)]","PC",2,7,14,"直流车通用","直流机车","C+","方式2","西安沙尔特宝电气有限公司",{"$nulls":4},"直流车用按钮"]
[215,"M000002192669","万转开关SMY8-1/1","PC",6,3,18,"SS7E","直流机车","C","方式2","西安沙尔特宝电气有限公司",{"$nulls":4},"直流车用按钮"]
[216,"M000000213941","万转开关SMYC-1/1/1/1/1... 9层 双齿","PC",6,3,18,"SS7E","直流机车","C","方式2","西安沙尔特宝电气有限公司",{"$nulls":4},"直流车用按钮"]
[217,"M000000213963","控制按钮S403-Y(2/2)微机复位　SS7E","PC",4,3,12,"SS7E","直流机车","C","方式2","西安沙尔特宝电气有限公司",{"$nulls":4},"直流车用按钮"]
[218,"M000000540391","排风阀连接器组成[]","套",1,9,12,"HXD3C","HXD3系列机车","C+","方式2","上海中通企业发展有限公司",{"$nulls":4},"HXD3系列机车用进口连接器"]
[219,"M000002703267","防滑速度传感器连接器总清单[]","套",2,12,64,"HXD3","HXD3系列机车","C+","方式2","上海中通企业发展有限公司",{"$nulls":4},"HXD3系列机车用进口连接器"]
[220,"M000001364778","LCDMJ1插头[PT06SE14-5S-476]","PC",2,38,152,"和谐车通用","HXD3系列机车","C+","方式2","上海中通企业发展有限公司",{"$nulls":4},"HXD3系列机车用进口连接器"]
[221,"M000002458854","制动柜48芯连接器-1[HT-ITT-1]","套",1,17,32,"HXD3D","HXD3系列机车","C+","方式2","上海中通企业发展有限公司",{"$nulls":4},"HXD3系列机车用进口连接器"]
[222,"M000002458855","制动柜48芯连接器-2[HT-ITT-2]","套",1,17,32,"HXD3D","HXD3系列机车","C+","方式2","上海中通企业发展有限公司",{"$nulls":4},"HXD3系列机车用进口连接器"]
[223,"M000002458856","制动柜48芯连接器-3[HT-ITT-3]","套",1,17,32,"HXD3D","HXD3系列机车","C+","方式2","上海中通企业发展有限公司",{"$nulls":4},"HXD3系列机车用进口连接器"]
[224,"M000002458857","制动柜48芯连接器带屏蔽层-4[HT-ITT-4]","套",1,17,32,"HXD3D","HXD3系列机车","C+","方式2","上海中通企业发展有限公司",{"$nulls":4},"HXD3系列机车用进口连接器"]
[225,"M000002524620","制动柜连接器及附件[XP6]","套",1,17,32,"HXD3D","HXD3系列机车","C+","方式2","上海中通企业发展有限公司",{"$nulls":4},"HXD3系列机车用进口连接器"]
[226,"M000002458853","变流柜进口连接器[CN-ASS-HT-ITT]","套",6,17,192,"HXD3D","HXD3系列机车","C+","方式2","上海中通企业发展有限公司",{"$nulls":4},"HXD3系列机车用进口连接器"]
[227,"M000002458858","制动柜32芯连接器[PIN-32]","PC",1,17,32,"HXD3D","HXD3系列机车","C+","方式2","上海中通企业发展有限公司",{"$nulls":4},"HXD3系列机车用进口连接器"]
[228,"M000000214045","5芯插头[CX16ZL5G1]","PC",4,26,176,"HXD3C/HXD3D","HXD3系列机车","C+","方式2","上海中通企业发展有限公司",{"$nulls":4},"HXD3系列机车用进口连接器"]
[229,"M000004288716","万能转换开关[DJC-4A3032-AL]","PC",4,2,8,"长沙HXD3C","HXD3系列机车","C+","方式2","四川艾达电器有限公司",{"$nulls":4},"HXD3系列机车用开关"]
[230,"M000000213933","万能转换开关[4A164-6L刮雨器HXD]","PC",2,12,24,"HXD3","HXD3系列机车","C","方式2","四川艾达电器有限公司",{"$nulls":4},"HXD3系列机车用开关"]
[231,"M000000006703","制动转换开关[3A240-1L/F特]","PC",2,12,24,"HXD3","HXD3系列机车","C","方式2","四川艾达电器有限公司",{"$nulls":4},"HXD3系列机车用开关"]
[232,"M000000006704","加热转换开关[3A533-5L/F特]","PC",2,12,24,"HXD3","HXD3系列机车","C","方式2","四川艾达电器有限公司",{"$nulls":4},"HXD3系列机车用开关"]
[233,"M000000006705","空调转换开关[4A165-2L/F特]","PC",2,12,24,"HXD3","HXD3系列机车","C","方式2","四川艾达电器有限公司",{"$nulls":4},"HXD3系列机车用开关"]
[234,"M000001188744","万能转换开关[3A193-4L/FT]","PC",2,12,24,"HXD3","HXD3系列机车","C","方式2","四川艾达电器有限公司",{"$nulls":4},"HXD3系列机车用开关"]
[235,"M000000213932","万能转换开关[4A030-1电热玻璃HXD]","PC",2,12,24,"HXD3","HXD3系列机车","C","方式2","四川艾达电器有限公司",{"$nulls":4},"HXD3系列机车用开关"]
[236,"M000001188753","万能转换开关[T4A012-1GB/FT]","PC",2,38,76,"和谐车通用","HXD3系列机车","C","方式2","四川艾达电器有限公司",{"$nulls":4},"HXD3系列机车用开关"]
[237,"M000001188748","万能转换开关[4A073-1L/FT]","PC",2,38,76,"和谐车通用","HXD3系列机车","C","方式2","四川艾达电器有限公司",{"$nulls":4},"HXD3系列机车用开关"]
[238,"M000001188751","万能转换开关[4A073-1L/FT]","PC",2,38,76,"和谐车通用","HXD3系列机车","C","方式2","四川艾达电器有限公司",{"$nulls":4},"HXD3系列机车用开关"]
[239,"M000003376825","供电钥匙万转开关[QFDZ-0127]","PC",2,26,52,"HXD3C/HXD3D","HXD3系列机车","C","方式2","四川艾达电器有限公司",{"$nulls":4},"HXD3系列机车用开关"]
[240,"M000001774499","列供2A/B组转换开关[JC6A2041-2L/F 特]","PC",4,26,104,"HXD3C/HXD3D","HXD3系列机车","C","方式2","四川艾达电器有限公司",{"$nulls":4},"HXD3系列机车用开关"]
[241,"M000003822328","万能转换开关[JC3A240-1GZ/FT]","PC",2,12,24,"HXD3","HXD3系列机车","C","方式2","四川艾达电器有限公司",{"$nulls":4},"HXD3系列机车用开关"]
[242,"M000001301730","受电弓隔离转换开关[CA10A250-600EF(110Vdc-0.7A)]","PC",1,21,21,"HXD3/HXD3C","HXD3系列机车","C","方式2","四川艾达电器有限公司",{"$nulls":4},"HXD3系列机车用开关"]
[243,"M000000213934","万能转换开关[4A163-2CI实验HXD]","PC",1,38,38,"和谐车通用","HXD3系列机车","C","方式2","四川艾达电器有限公司",{"$nulls":4},"HXD3系列机车用开关"]
[244,"M000000213931","万能转换开关[4A073-1低温加热HXD]","PC",1,38,38,"和谐车通用","HXD3系列机车","C","方式2","四川艾达电器有限公司",{"$nulls":4},"HXD3系列机车用开关"]
[245,"M000000213930","万能转换开关[4A073-1微波炉HXD]","PC",1,38,38,"和谐车通用","HXD3系列机车","C","方式2","四川艾达电器有限公司",{"$nulls":4},"HXD3系列机车用开关"]
[246,"M000000166460","取暖器2开关[JC4A2017-2L/F特/DJC-4A3013-BL]","PC",2,17,34,"HXD3D","HXD3系列机车","C","方式2","四川艾达电器有限公司",{"$nulls":4},"HXD3系列机车用开关"]
[247,"M000000166461","取暖器1开关[JC4A2017-2L/F特/DJC-4A3012-BL]","PC",2,17,34,"HXD3D","HXD3系列机车","C","方式2","四川艾达电器有限公司",{"$nulls":4},"HXD3系列机车用开关"]
[248,"M000001188750","万能转换开关[4A073-1L/FT]","PC",2,26,52,"HXD3C/HXD3D","HXD3系列机车","C","方式2","四川艾达电器有限公司",{"$nulls":4},"HXD3系列机车用开关"]
[249,"M000002272559","车底灯开关[DJC-4A3007-AL]","PC",2,17,34,"HXD3D","HXD3系列机车","C","方式2","四川艾达电器有限公司",{"$nulls":4},"HXD3系列机车用开关"]
[250,"M000001364817","万能转换开关[4A073-1L/FT]","PC",2,9,18,"HXD3C","HXD3系列机车","C","方式2","四川艾达电器有限公司",{"$nulls":4},"HXD3系列机车用开关"]
[251,"M000001271934","司机室加热开关[3B580-2/F特]","PC",2,9,18,"HXD3C","HXD3系列机车","C","方式2","四川艾达电器有限公司",{"$nulls":4},"HXD3系列机车用开关"]
[252,"M000000213935","万能转换开关[4A300-7L/FTHXD3C刮雨器]","PC",2,9,18,"HXD3C","HXD3系列机车","C","方式2","四川艾达电器有限公司",{"$nulls":4},"HXD3系列机车用开关"]
[253,"M000001584475","触点座[lab]","PC",4,38,152,"和谐车通用","HXD3系列机车","C","方式2","四川艾达电器有限公司",{"$nulls":4},"HXD3系列机车用开关"]
[254,"M000003524925","停放制动按钮防触罩[ADA-F(30.5)]","PC",2,17,34,"HXD3D","HXD3系列机车","C","方式2","四川艾达电器有限公司",{"$nulls":4},"HXD3系列机车用开关"]
[255,"M000002173949","取暖装置开关[JC4A2118-2]","PC",2,38,76,"和谐车通用","HXD3系列机车","C","方式2","四川艾达电器有限公司",{"$nulls":4},"HXD3系列机车用开关"]
[256,"M000000006722","交流接触器[A26-30-10220V]","PC",1,7,14,"直流车通用","直流机车","C","方式2","山西同兴自控设备有限公司","山西常安电气有限公司",{"$nulls":3},"直流车用ABB接触器"]
[257,"M000001205624","开关[LA39-B3-20/W]","PC",2,7,28,"直流车通用","直流机车","C","方式2","山西同兴自控设备有限公司",{"$nulls":4},"直流车用ABB继电器"]
[258,"M000000213972","中间继电器[3TH42-62-1XF4]","PC",1,7,14,"直流车通用","直流机车","C+","方式2","山西同兴自控设备有限公司",{"$nulls":4},"直流车用ABB继电器"]
[259,"M000000213971","中间继电器[3TH42-44-1XF4]","PC",1,7,14,"直流车通用","直流机车","C+","方式2","山西同兴自控设备有限公司",{"$nulls":4},"直流车用ABB继电器"]
[260,"M000001202445","接触式中间继电器[3TH40-22-1XF4DC110V]","PC",2,7,28,"直流车通用","直流机车","C+","方式2","山西同兴自控设备有限公司",{"$nulls":4},"直流车用ABB继电器"]
[261,"M000000930663","按钮开关[XB2-BC5K?]","PC",2,7,28,"直流车通用","直流机车","C","方式2","山西同兴自控设备有限公司",{"$nulls":4},"直流车用ABB继电器"]
[262,"M000003801801","带灯按钮[LA39-B2-22TD/g31]","PC",2,7,155,"直流车通用","直流机车","C+","方式2","山西同兴自控设备有限公司",{"$nulls":4},"直流车用ABB继电器"]
[263,"M000002261821","万转开关[LW39-16B-B7-420333XJ/3-TK]","PC",2,38,152,"和谐车通用","HXD3系列机车","C","方式2","山西同兴自控设备有限公司",{"$nulls":4},"直流车用ABB继电器"]
[264,"M000004553140","刮雨器控制开关[LW39-16B-B7-430333JX/4P]{}","PC",2,38,152,"和谐车通用","HXD3系列机车","C","方式2","山西同兴自控设备有限公司",{"$nulls":4},"直流车用ABB继电器"]
[265,"M000000213966","热继电器ABB TA25 DU 1.0","PC","2",3,6,"SS7E","直流机车","C","方式2","山西同兴自控设备有限公司",{"$nulls":4},"直流车用ABB继电器"]
[266,"M000000213967","热继电器ABB TA25 DU 1.8","PC","2",3,6,"SS7E","直流机车","C","方式2","山西同兴自控设备有限公司",{"$nulls":4},"直流车用ABB继电器"]
[267,"M000000213968","热继电器ABB TA25 DU 5.0","PC",2,3,6,"SS7E","直流机车","C","方式2","山西同兴自控设备有限公司",{"$nulls":4},"直流车用ABB继电器"]
[268,"M000000219928","空气断路器ABB S253S-K10 SS7E","PC","2",3,6,"SS7E","直流机车","C","方式2","山西同兴自控设备有限公司",{"$nulls":4},"直流车用ABB继电器"]
[269,"M000000219929","空气断路器ABB S252S-C06DC SS7E","PC","2",3,6,"SS7E","直流机车","C","方式2","山西同兴自控设备有限公司",{"$nulls":4},"直流车用ABB继电器"]
[270,"M000002231748","通用型接触器ABB TAL16-30-10","PC","2",3,6,"SS7E","直流机车","C","方式2","山西同兴自控设备有限公司",{"$nulls":4},"直流车用ABB继电器"]
[271,"M000000213979","接触器TBC9-30-01 ABB","PC","4",3,12,"SS7E","直流机车","C","方式2","山西同兴自控设备有限公司",{"$nulls":4},"直流车用ABB继电器"]
[272,"M000000213980","接触器TBC9-30-10 ABB","PC","2",3,6,"SS7E","直流机车","C","方式2","山西同兴自控设备有限公司",{"$nulls":4},"直流车用ABB继电器"]
[273,"M000000959848","辅助触点CA5-01","PC",2,3,6,"SS7E","直流机车","C","方式2","山西同兴自控设备有限公司",{"$nulls":4},"直流车用ABB继电器"]
[274,"M000000357202","辅助触点CA5-10","PC",2,3,6,"SS7E","直流机车","C","方式2","山西同兴自控设备有限公司",{"$nulls":4},"直流车用ABB继电器"]
[275,"M000001265155","按纽[LA39-11D/R26]","PC",5,7,35,"直流车通用","直流机车","C","方式2","山西同兴自控设备有限公司",{"$nulls":4},"直流车用ABB继电器"]
[276,"M000005070018","万转开关[LW5D-16-D0724/3]","PC",2,7,14,"和谐车通用","直流机车","C","方式2","武汉源生铁路配件制造有限公司",{"$nulls":4},"HXD3系列机车用按钮"]
[277,"M000005070019","万转开关[LW5D-16-D1050/4]","PC",2,7,14,"和谐车通用","直流机车","C","方式2","武汉源生铁路配件制造有限公司",{"$nulls":4},"HXD3系列机车用按钮"]
[278,"M000001690235","鸣笛按钮[YJ139-LA38]{}","PC",4,38,152,"和谐车通用","直流机车","C","方式2","武汉源生铁路配件制造有限公司",{"$nulls":4},"HXD3系列机车用按钮"]
[279,"M000002495217","光闪按钮[YJ139/LA38红色]{}","PC",4,38,152,"和谐车通用","直流机车","C","方式2","武汉源生铁路配件制造有限公司",{"$nulls":4},"HXD3系列机车用按钮"]
[280,"M000000214010","40芯插头[XC36T40KHP]","PC",3,3,9,"SS9/SS7E","直流机车","C+","方式2","中航光电华亿（沈阳）电子科技有限公司",{"$nulls":4},"HXD3系列机车用ZH连接器"]
[281,"M000000214011","12芯插头[XC24T12KHP]","PC",2,3,6,"SS9/SS7E","直流机车","C+","方式2","中航光电华亿（沈阳）电子科技有限公司",{"$nulls":4},"HXD3系列机车用ZH连接器"]
[282,"M000001251069","5芯插座[XC18F5KP中航]","PC",2,7,14,"直流车通用","直流机车","C+","方式2","中航光电华亿（沈阳）电子科技有限公司",{"$nulls":4},"HXD3系列机车用ZH连接器"]
[283,"M000001867597","插针[3E8570753-3C/16A/1.5m㎡]","PC",500,38,19000,"和谐车通用","HXD3系列机车","C+","方式2","中航光电华亿（沈阳）电子科技有限公司",{"$nulls":4},"HXD3系列机车用ZH连接器"]
[284,"M000001871641","插针[3E65701115-3C/10A/2.5]","PC",100,38,3800,"和谐车通用","HXD3系列机车","C+","方式2","中航光电华亿（沈阳）电子科技有限公司",{"$nulls":4},"HXD3系列机车用ZH连接器"]
[285,"M000001050586","导向销'DWX-m","PC",16,38,608,"和谐车通用","HXD3系列机车","C+","方式2","中航光电华亿（沈阳）电子科技有限公司",{"$nulls":4},"HXD3系列机车用ZH连接器"]
[286,"M000001050585","导向孔'DWX-f","PC",16,38,608,"和谐车通用","HXD3系列机车","C+","方式2","中航光电华亿（沈阳）电子科技有限公司",{"$nulls":4},"HXD3系列机车用ZH连接器"]
[287,"M000001833341","双侧锁定顶\\侧出线插头'HIB24-TFQ-(D64)-G1S1M40-m-3C","PC",2,38,76,"和谐车通用","HXD3系列机车","C+","方式2","中航光电华亿（沈阳）电子科技有限公司",{"$nulls":4},"HXD3系列机车用ZH连接器"]
[288,"M000001833340","双侧锁定插座'HIB24-SMQ-(BB46)-f-3C","PC",2,38,76,"和谐车通用","HXD3系列机车","C+","方式2","中航光电华亿（沈阳）电子科技有限公司",{"$nulls":4},"HXD3系列机车用ZH连接器"]
[289,"M000001867598","插针[3E8570753-3C/16A/1.5m㎡]","PC",50,38,1900,"和谐车通用","HXD3系列机车","C+","方式2","中航光电华亿（沈阳）电子科技有限公司",{"$nulls":4},"HXD3系列机车用ZH连接器"]
[290,"M000001871640","插针[3E65701114-3C/10A/1.5]","PC",50,38,1900,"和谐车通用","HXD3系列机车","C+","方式2","中航光电华亿（沈阳）电子科技有限公司",{"$nulls":4},"HXD3系列机车用ZH连接器"]
[291,"M000001867596","插针'3E8 570 752-3C/16A/0.75-1m㎡","PC",50,38,1900,"和谐车通用","HXD3系列机车","C+","方式2","中航光电华亿（沈阳）电子科技有限公司",{"$nulls":4},"HXD3系列机车用ZH连接器"]
[292,"M000001785116","插头[HIB6-T2M34K1-TYJCFX]","PC",2,38,76,"和谐车通用","HXD3系列机车","C+","方式2","中航光电华亿（沈阳）电子科技有限公司",{"$nulls":4},"HXD3系列机车用ZH连接器"]
[293,"M000001784974","插座[HIB6-Z1M24K1-TYJCFX/24芯]","PC",2,38,76,"和谐车通用","HXD3系列机车","C+","方式2","中航光电华亿（沈阳）电子科技有限公司",{"$nulls":4},"HXD3系列机车用ZH连接器"]
[294,"M000001901497","插头[T6M72J1-01-TYJCFX]","PC",2,38,76,"和谐车通用","HXD3系列机车","C+","方式2","中航光电华亿（沈阳）电子科技有限公司",{"$nulls":4},"HXD3系列机车用ZH连接器"]
[295,"M000000584920","插头组件[TY32K14TY]","PC",2,38,76,"和谐车通用","HXD3系列机车","C+","方式2","中航光电华亿（沈阳）电子科技有限公司",{"$nulls":4},"HXD3系列机车用ZH连接器"]
[296,"M000001871639","插针'3E6 570 1113-3C/10A/1.0","PC",50,38,1900,"和谐车通用","HXD3系列机车","C+","方式2","中航光电华亿（沈阳）电子科技有限公司",{"$nulls":4},"HXD3系列机车用ZH连接器"]
[297,"M000001867600","插孔'3E8 571 578G-3C/16A/0.5m㎡","PC",50,38,1900,"和谐车通用","HXD3系列机车","C+","方式2","中航光电华亿（沈阳）电子科技有限公司",{"$nulls":4},"HXD3系列机车用ZH连接器"]
[298,"M000001867595","插针'3E8 570 751-3C/16A/0.5m㎡","PC",50,38,1900,"和谐车通用","HXD3系列机车","C+","方式2","中航光电华亿（沈阳）电子科技有限公司",{"$nulls":4},"HXD3系列机车用ZH连接器"]
[299,"M000001833333","插针'3E6 570 1111-3C/0.5m㎡/10A","PC",20,38,760,"和谐车通用","HXD3系列机车","C+","方式2","中航光电华亿（沈阳）电子科技有限公司",{"$nulls":4},"HXD3系列机车用ZH连接器"]
[300,"M000002805072","热缩管[10kV 40","PC",30,38,1140,"和谐车通用","HXD3系列机车","C+","方式2","大连长之琳科技发展有限公司","深圳市六合泰山科技有限公司","济南宜佳成电气技术有限公司",null,null,"HXD3系列机车用热缩管"]
[301,"M000000148428","高压热缩管[D3035KV]","PC",4,38,152,"和谐车通用","HXD3系列机车","C+","方式2","大连长之琳科技发展有限公司","深圳市六合泰山科技有限公司","济南宜佳成电气技术有限公司",null,null,"HXD3系列机车用热缩管"]
[302,"M000001808966","热缩管[D10透明]","M",10,38,380,"和谐车通用","HXD3系列机车","C","方式2","大连长之琳科技发展有限公司","深圳市六合泰山科技有限公司","济南宜佳成电气技术有限公司",null,null,"HXD3系列机车用热缩管"]
[303,"M000001808967","热缩管[D12透明]","M",10,38,380,"和谐车通用","HXD3系列机车","C","方式2","大连长之琳科技发展有限公司","深圳市六合泰山科技有限公司","济南宜佳成电气技术有限公司",null,null,"HXD3系列机车用热缩管"]
[304,"M000000148418","热缩管[D30]","M",100,38,3800,"和谐车通用","HXD3系列机车","C","方式2","大连长之琳科技发展有限公司","深圳市六合泰山科技有限公司","济南宜佳成电气技术有限公司",null,null,"HXD3系列机车用热缩管"]
[305,"M000005520140","高压绝缘套管[CYG/RSWT-35kV-20/10]","PC",1,38,38,"和谐车通用","HXD3系列机车","C","方式2","大连长之琳科技发展有限公司",{"$nulls":4},"HXD3系列机车用热缩管"]
[306,"M000000159707","时间继电器[TDE4-U204-KC0.3s]","PC",2,2,4,"SS4","直流机车","C+","方式2","西安神西电气有限责任公司",{"$nulls":4},"直流车用神西继电器"]
[307,"M000000836763","继电器底座V89","PC",2,12,24,"HXD3","HXD3系列机车","C","方式2","西安神西电气有限责任公司",{"$nulls":4},"直流车用神西继电器"]
[308,"M000001251068","7芯插头[Q14K7P]","PC",1,7,14,"直流车通用","直流机车","C+","方式2","杭州开普电子技术有限公司",{"$nulls":4},"直流车用KP连接器"]
[309,"M000000214047","14芯插头[YP21TK13UQ]","PC",1,14,37,"HXD3/SS4","HXD3系列机车","C+","方式2","杭州开普电子技术有限公司",{"$nulls":4},"直流车用KP连接器"]
[310,"M000000214046","7芯插头[YZM-7TK]","PC",4,40,324,"和谐车通用/SS4","HXD3系列机车","C+","方式2","杭州开普电子技术有限公司",{"$nulls":4},"直流车用KP连接器"]
[311,"M000001918779","对接航空插头[对接GX16-3芯 公头+母头]","PC",2,21,108,"HXD3/HXD3C","HXD3系列机车","C+","方式2","杭州开普电子技术有限公司",{"$nulls":4},"直流车用KP连接器"]
[312,"M000000214043","4芯插头[X14K4P]","PC",12,7,168,"直流车通用","HXD3系列机车","C+","方式2","杭州开普电子技术有限公司",{"$nulls":4},"直流车用KP连接器"]
[313,"M000001251096","7芯插头/座[CH20K7P]","PC",2,12,78,"HXD3/SS9","HXD3系列机车","C+","方式2","杭州开普电子技术有限公司",{"$nulls":4},"直流车用KP连接器"]
[314,"M000001140557","10芯插头[Y2M-10TK]","PC",3,7,42,"直流车通用","直流机车","C+","方式2","杭州开普电子技术有限公司",{"$nulls":4},"直流车用KP连接器"]
[315,"M000001253124","4芯插头Y2M-4TK","PC",4,3,12,"SS7E","直流机车","C+","方式2","杭州开普电子技术有限公司",{"$nulls":4},"直流车用KP连接器"]
[316,"M000001253113","10芯插头[YP21TK12uQ]{}","PC",2,3,6,"SS7E","直流机车","C+","方式2","杭州开普电子技术有限公司",{"$nulls":4},"直流车用KP连接器"]
[317,"M000000006737","中间继电器JZ15-44Z 110V","PC","52",2,260,"SS4","直流机车","C+","方式2","天津市第二继电器厂",{"$nulls":4},"直流车DR继电器"]
[318,"M000000213876","中间继电器JZ15-22ZF 110V","PC","8",7,128,"直流车通用","直流机车","C+","方式2","天津市第二继电器厂",{"$nulls":4},"直流车DR继电器"]
[319,"M000000213923","直流中间继电器JZ15-62Z 110V","PC",10,2,50,"SS4","直流机车","C+","方式2","天津市第二继电器厂",{"$nulls":4},"直流车DR继电器"]
[320,"M000000006721","直流接触器CZT-20 20A 110V","PC",4,7,56,"直流车通用","直流机车","C+","方式2","天津市第二继电器厂",{"$nulls":4},"直流车DR继电器"]
[321,"M000000213877","直流接触器[CZT-20B110V]","PC",5,3,15,"SS7E","直流机车","C","方式2","天津市第二继电器厂",{"$nulls":4},"直流车DR继电器"]
[322,"M000000214004","矩形插座AZ-20-J","PC",1,3,3,"SS7E","直流机车","C+","方式2","四川华丰科技股份有限公司",{"$nulls":4},"直流车用HF连接器"]
[323,"M000000214042","20芯重联插座[JL27J20ZY]","PC",2,2,4,"SS4","直流机车","C+","方式2","四川华丰科技股份有限公司",{"$nulls":4},"直流车用HF连接器"]
[324,"M000000214018","4芯插头[JL16K4TY]","PC",16,7,112,"直流车通用","直流机车","C+","方式2","四川华丰科技股份有限公司",{"$nulls":4},"直流车用HF连接器"]
[325,"M000000214021","4芯插座[JL16K4ZY]","PC",16,7,112,"直流车通用","直流机车","C+","方式2","四川华丰科技股份有限公司",{"$nulls":4},"直流车用HF连接器"]
[326,"M000000214007","12芯插头[TY32K12TY-02]","PC",4,7,27,"直流车通用","直流机车","C+","方式2","四川华丰科技股份有限公司",{"$nulls":4},"直流车用HF连接器"]
[327,"M000000214006","4芯插头[JL33K4TYG-B]","PC",2,7,14,"直流车通用","直流机车","C+","方式2","四川华丰科技股份有限公司",{"$nulls":4},"直流车用HF连接器"]
[328,"M000001161905","43芯插座[JL1K43AY/-I]","PC",2,7,14,"直流车通用","直流机车","C+","方式2","四川华丰科技股份有限公司",{"$nulls":4},"直流车用HF连接器"]
[329,"M000000214022","5芯防水插座[JL10-5ZY]","PC",4,38,152,"直流机车","直流机车","C+","方式2","四川华丰科技股份有限公司",{"$nulls":4},"直流车用HF连接器"]
[330,"M000001253103","20芯重联空座[JL27KZ]","PC",2,7,14,"直流车通用","直流机车","C+","方式2","四川华丰科技股份有限公司",{"$nulls":4},"直流车用HF连接器"]
[331,"M000000051136","电连结器[JL16K2OTY]","PC",80,7,560,"直流车通用","直流机车","C+","方式2","四川华丰科技股份有限公司",{"$nulls":4},"直流车用HF连接器"]
[332,"M000000051135","电连结器[JL16J2OZY]","PC",80,7,560,"直流车通用","直流机车","C+","方式2","四川华丰科技股份有限公司",{"$nulls":4},"直流车用HF连接器"]
[333,"M000000051137","电连结器[JL20J56ZY]","PC",80,7,560,"直流车通用","直流机车","C+","方式2","四川华丰科技股份有限公司",{"$nulls":4},"直流车用HF连接器"]
[334,"M000000051138","电连结器[JL20K56TY]","PC",60,7,420,"直流车通用","直流机车","C+","方式2","四川华丰科技股份有限公司",{"$nulls":4},"直流车用HF连接器"]
[335,"M000000214017","10芯插头[JL16K1OTY]","PC",20,7,140,"直流车通用","直流机车","C+","方式2","四川华丰科技股份有限公司",{"$nulls":4},"直流车用HF连接器"]
[336,"M000000214020","10芯插座[JL16J1OZY]","PC",20,7,140,"直流车通用","直流机车","C+","方式2","四川华丰科技股份有限公司",{"$nulls":4},"直流车用HF连接器"]
[337,"M000000214023","43芯重联插头[JL18K43TYA]","PC","4",2,8,"SS4","直流机车","C+","方式2","四川华丰科技股份有限公司",{"$nulls":4},"直流车用HF连接器"]
[338,"M000000214024","43芯重联插头[JL18K43TYB]","PC","2",2,4,"SS4","直流机车","C+","方式2","四川华丰科技股份有限公司",{"$nulls":4},"直流车用HF连接器"]
[339,"M000000214025","43芯重联插头[JL18K43TYC]","PC","2",2,4,"SS4","直流机车","C+","方式2","四川华丰科技股份有限公司",{"$nulls":4},"直流车用HF连接器"]
[340,"M000000214026","43芯重联插座[JL18K43ZYA]","PC","8",2,16,"SS4","直流机车","C+","方式2","四川华丰科技股份有限公司",{"$nulls":4},"直流车用HF连接器"]
[341,"M000000214027","43芯重联插座[JL18K43ZYB]","PC","2",2,4,"SS4","直流机车","C+","方式2","四川华丰科技股份有限公司",{"$nulls":4},"直流车用HF连接器"]
[342,"M000000214028","43芯重联插座[JL18K43ZYC]","PC","2",2,4,"SS4","直流机车","C+","方式2","四川华丰科技股份有限公司",{"$nulls":4},"直流车用HF连接器"]
[343,"M000000214019","43芯空座[JL18KZ]","PC",2,2,4,"SS4","直流机车","C+","方式2","四川华丰科技股份有限公司",{"$nulls":4},"直流车用HF连接器"]
[344,"M000000219875","自动空气断路器[TH-5SB10A]","PC",2,7,28,"直流车通用","直流机车","C","方式2","山西常安电气有限公司",{"$nulls":4},"直流车用断路器"]
[345,"M000000213986","按钮[LAY38-11红]","PC",2,7,14,"直流车通用","直流机车","C","方式2","山西常安电气有限公司",{"$nulls":4},"直流车用断路器"]
[346,"M000000213987","按钮[LAY38-11绿]","PC",2,7,28,"直流车通用","直流机车","C","方式2","山西常安电气有限公司",{"$nulls":4},"直流车用断路器"]
[347,"M000001208088","空气开关[DZ47-63/4P]","个",2,7,22,"直流车通用","直流机车","C","方式2","山西常安电气有限公司",{"$nulls":4},"直流车用断路器"]
[348,"M000001202389","封闭式万能转换开关[LW5-16C0391/2]","个",30,1,30,"SS4中铁四局","直流机车","C","方式2","山西常安电气有限公司",{"$nulls":4},"直流车用断路器"]
[349,"M000001202390","封闭式万能转换开关[LW5-16C5711/3]","个",6,1,6,"SS4中铁四局","直流机车","C","方式2","山西常安电气有限公司",{"$nulls":4},"直流车用断路器"]
[350,"M000001202391","封闭式万能转换开关[LW5-16C6032/4]","个",2,1,2,"SS4中铁四局","直流机车","C","方式2","山西常安电气有限公司",{"$nulls":4},"直流车用断路器"]
[351,"M000001202392","封闭式万能转换开关[LW5-16D1687/6]","个",2,1,2,"SS4中铁四局","直流机车","C","方式2","山西常安电气有限公司",{"$nulls":4},"直流车用断路器"]
[352,"M000001001744","机床插销C4-6/4","个",4,7,28,"直流车通用","直流机车","C","方式2","山西常安电气有限公司",{"$nulls":4},"直流车用断路器"]
[353,"M000000006761","电流互感器[LQG-0.5300V/5A]","个",2,7,14,"直流车通用","直流机车","C","方式2","保定市东朗电气设备有限公司",{"$nulls":4},"直流车用互感器"]
[354,"M000000006762","电流互感器[LMZJ-0.5300V/2A]","个",2,7,14,"直流车通用","直流机车","C","方式2","保定市东朗电气设备有限公司",{"$nulls":4},"直流车用互感器"]
[355,"M000000213867","电流互感器[LMZJ-0.5300/5]","个",2,7,14,"直流车通用","直流机车","C","方式2","保定市东朗电气设备有限公司",{"$nulls":4},"直流车用互感器"]
[356,"M000000213917","电流互感器[LMZJ-0.54000/10SS9]","个",2,7,14,"直流车通用","直流机车","C","方式2","保定市东朗电气设备有限公司",{"$nulls":4},"直流车用互感器"]
[357,"M000000213916","电流互感器[LMZJ-0.54000/10]","个",4,7,28,"直流车通用","直流机车","C","方式2","保定市东朗电气设备有限公司",{"$nulls":4},"直流车用互感器"]
[358,"M000002172216","电流互感器[LMZJ-0.5-50]","个",1,1,1,"SS4","直流机车","C","方式2","保定市东朗电气设备有限公司",{"$nulls":4},"直流车用互感器"]
[359,"M000001202381","空调启动按钮[704.012.518/900.5SS9G]","个",2,7,28,"直流车通用","直流机车","C+","方式2","深圳市云龙电子有限公司",{"$nulls":4},"直流车用EAO按钮"]
[360,"M000000213938","风笛按扭[704.071.518/900.1SS9G]","个",6,7,84,"直流车通用","直流机车","C+","方式2","深圳市云龙电子有限公司",{"$nulls":4},"直流车用EAO按钮"]
[361,"M000000213965","停车制动按钮（平头自锁灯）[704.062.218/900.5/110VSS9G]","个",2,7,28,"直流车通用","直流机车","C+","方式2","深圳市云龙电子有限公司",{"$nulls":4},"直流车用EAO按钮"]
[362,"M000000213964","微机复位按纽[704.012.418/900.1SS9G]","个",2,7,28,"直流车通用","直流机车","C+","方式2","深圳市云龙电子有限公司",{"$nulls":4},"直流车用EAO按钮"]
[363,"M000000118545","48针母压接式连接器[09062483201]","个",20,7,280,"直流车通用","直流机车","C+","方式2","上海中通企业发展有限公司",{"$nulls":4},"直流车用进口连接器"]
[364,"M000000148133","欧式插针[09060006481]","个",100,45,9000,"直流车通用/和谐车通用","直流机车","C+","方式2","上海中通企业发展有限公司",{"$nulls":4},"直流车用进口连接器"]
[365,"M000000118639","外壳[09060009957]","个",20,7,280,"直流车通用","直流机车","C+","方式2","上海中通企业发展有限公司",{"$nulls":4},"直流车用进口连接器"]
[366,"M000001370188","进口连接器[LOCOTROL]","个",2,2,10,"SS4","直流机车","C+","方式2","上海中通企业发展有限公司",{"$nulls":4},"直流车用进口连接器"]
[367,"M000000025942","接地开关[KR289-CO]","个",2,12,24,"HXD3","HXD3系列机车","C+","方式2","乐清市朝前电器有限公司",{"$nulls":4},"HXD3用接地开关"]
[368,"M000000051091","银触片[CK7F-02-01]","PC",24,2,168,"SS4","直流机车","C","方式2","长沙明河粉末冶金材料有限公司",{"$nulls":4},"直流车用银触片"]
[369,"M000000051090","银触片[CK7-04-01薄]{}","PC",72,2,792,"SS3B","直流机车","C","方式2","长沙明河粉末冶金材料有限公司",{"$nulls":4},"直流车用银触片"]
[370,"M000000214033","20芯插头[TL02K20TY通业]","PC",90,2,180,"SS4","直流机车","C+","方式2","深圳通业科技股份有限公司",{"$nulls":4},"直流车用TY插座"]
[371,"M000000214034","20芯插座[TL02J20ZY通业]","PC",50,1,50,"SS4中铁四局","直流机车","C+","方式2","深圳通业科技股份有限公司",{"$nulls":4},"直流车用TY插座"]
[372,"M000000000065","软铜带[3X30]{TDR}","KG",5,7,94.2,"直流车通用","直流机车","C+","方式2","山西溢广德物贸有限公司",{"$nulls":4},"直流车用软铜母线"]
[373,"M000000000282","软铜母线[5X30]{TMR}","KG",5,7,102.4,"直流车通用","直流机车","C+","方式2","山西溢广德物贸有限公司",{"$nulls":4},"直流车用软铜母线"]
[374,"M000000000284","软铜母线[5X40]{TMR}","KG",5,7,105.2,"直流车通用","直流机车","C+","方式2","山西溢广德物贸有限公司",{"$nulls":4},"直流车用软铜母线"]
[375,"M000000000291","软铜母线[4X50]{TMR}","KG",5,7,105.8,"直流车通用","直流机车","C+","方式2","山西溢广德物贸有限公司",{"$nulls":4},"直流车用软铜母线"]
[376,"M000000466967","万能转换开关[LW5-16D1047/4]","PC",4,2,8,"SS3B","直流机车","C","方式2","乐清市铁控机车电气有限公司",{"$nulls":4},"直流车用开关"]
[377,"M000000006712","万能转换开关[LW5-16C6032/4]","PC",4,2,8,"SS3B","直流机车","C","方式2","乐清市铁控机车电气有限公司",{"$nulls":4},"直流车用开关"]
[378,"M000000006710","万能转换开关[LW5-16C0391/2]{}","PC",36,7,252,"直流车通用","直流机车","C","方式2","乐清市铁控机车电气有限公司",{"$nulls":4},"直流车用开关"]
[379,"M000000213951","封闭式万能转换开关[LW5-16C5711/3]{}","PC",8,7,56,"直流车通用","直流机车","C","方式2","乐清市铁控机车电气有限公司",{"$nulls":4},"直流车用开关"]
[380,"M000000213950","封闭式万能转换开关[LW5-16D0414/2]{}","PC",2,7,14,"直流车通用","直流机车","C","方式2","乐清市铁控机车电气有限公司",{"$nulls":4},"直流车用开关"]
[381,"M000000213870","封闭式万能转换开关[LW5-16D6档]{}","PC",2,7,14,"直流车通用","直流机车","C","方式2","乐清市铁控机车电气有限公司",{"$nulls":4},"直流车用开关"]
[382,"M000000213873","封闭式万能转换开关[LW5-16D5402/2]","PC",2,7,14,"直流车通用","直流机车","C","方式2","乐清市铁控机车电气有限公司",{"$nulls":4},"直流车用开关"]
[383,"M000001265722","交流过流继电器[JL14-12J5A]","PC",2,2,4,"SS3B","直流机车","C+","方式2","乐清市朝前电器有限公司",{"$nulls":4},"直流车用JL系列继电器"]
[384,"M000001265723","交流过流继电器[JL14-12J1200A]","PC",2,2,4,"SS3B","直流机车","C+","方式2","乐清市朝前电器有限公司",{"$nulls":4},"直流车用JL系列继电器"]
[385,"M000000213868","交流过流继电器JL14-20J 1200A","PC",2,2,4,"SS4","直流机车","C+","方式2","乐清市朝前电器有限公司",{"$nulls":4},"直流车用JL系列继电器"]
[386,"M000000006740","电流继电器JL14-20J 5A","PC",2,2,4,"SS4","直流机车","C+","方式2","乐清市朝前电器有限公司",{"$nulls":4},"直流车用JL系列继电器"]
[387,"M000001205615","可调试压力开关PEV-1/4-B","PC",6,3,18,"SS7E","直流机车","C","方式2","中铖科技（山西）有限公司",{"$nulls":4},"SS7E车用压力开关"]
[388,"M000000347695","电流互感器'LMZJ-0.5 300A/5A","PC",2,4,4,"HXD2","HXD2系列机车","C","方式2","大连北方互感器集团有限公司",{"$nulls":4},"和谐车用低压互感器"]
[389,"M000003335797","机车间跨接电缆25kV/50Hz/440A","M",1,4,4,"HXD2","HXD2系列机车","C","方式2","山西益盛隆机电设备有限公司",{"$nulls":4},"HXD2机车用跨接线缆"]
[390,"M000000147179","电笛按钮S405M-L(2/2)-C","PC",2,4,8,"HXD2","HXD2系列机车","C","方式2","西安沙尔特宝电气有限公司",{"$nulls":4},"HXD2机车用S405按钮"]
[391,"M000000928932","预加热主断按钮","PC",2,4,8,"HXD2","HXD2系列机车","C","方式2","北京德通利达机车科技发展有限公司",{"$nulls":4},"HXD2机车用进口按钮"]
[392,"M000000347680","车底灯开关2","PC",2,4,8,"HXD2","HXD2系列机车","C","方式2","北京德通利达机车科技发展有限公司",{"$nulls":4},"HXD2机车用进口按钮"]
[393,"M000000347671","车尾灯开关","PC",2,4,8,"HXD2","HXD2系列机车","C","方式2","北京德通利达机车科技发展有限公司",{"$nulls":4},"HXD2机车用进口按钮"]
[394,"M000000347673","取暖器开关1","PC",2,4,8,"HXD2","HXD2系列机车","C","方式2","北京德通利达机车科技发展有限公司",{"$nulls":4},"HXD2机车用进口按钮"]
[395,"M000000347674","取暖器开关2","PC",2,4,8,"HXD2","HXD2系列机车","C","方式2","北京德通利达机车科技发展有限公司",{"$nulls":4},"HXD2机车用进口按钮"]
[396,"M000000347675","电风扇开关","PC",2,4,8,"HXD2","HXD2系列机车","C","方式2","北京德通利达机车科技发展有限公司",{"$nulls":4},"HXD2机车用进口按钮"]
[397,"M000000347676","电热玻璃开关","PC",2,4,8,"HXD2","HXD2系列机车","C","方式2","北京德通利达机车科技发展有限公司",{"$nulls":4},"HXD2机车用进口按钮"]
[398,"M000000347677","冰箱/微波炉开关","PC",2,4,8,"HXD2","HXD2系列机车","C","方式2","北京德通利达机车科技发展有限公司",{"$nulls":4},"HXD2机车用进口按钮"]
[399,"M000000347660","无人警惕按钮黄蘑菇头 DC110V 1A(2A)","PC",2,4,8,"HXD2","HXD2系列机车","C","方式2","北京德通利达机车科技发展有限公司",{"$nulls":4},"HXD2机车用进口按钮"]
[400,"M000000347661","风笛按钮绿蘑菇头 DC110V 1A(2A)","PC",6,4,24,"HXD2","HXD2系列机车","C","方式2","北京德通利达机车科技发展有限公司",{"$nulls":4},"HXD2机车用进口按钮"]
[401,"M000000347662","半自动过分相按钮白平头 DC110V 1A(2A)","PC",2,4,8,"HXD2","HXD2系列机车","C","方式2","北京德通利达机车科技发展有限公司",{"$nulls":4},"HXD2机车用进口按钮"]
[402,"M000000347667","停放制动施加按钮2红平头 DC110V 1A(2A)","PC",2,4,8,"HXD2","HXD2系列机车","C","方式2","北京德通利达机车科技发展有限公司",{"$nulls":4},"HXD2机车用进口按钮"]
[403,"M000000347668","停放制动缓解按钮2绿平头 DC110V 1A(2A)","PC",2,4,8,"HXD2","HXD2系列机车","C","方式2","北京德通利达机车科技发展有限公司",{"$nulls":4},"HXD2机车用进口按钮"]
[404,"M000000347664","自动换端按钮白平头 DC110V 1A(2A)","PC",2,4,8,"HXD2","HXD2系列机车","C","方式2","北京德通利达机车科技发展有限公司",{"$nulls":4},"HXD2机车用进口按钮"]
[405,"M000000347665","定速按钮绿平头 DC110V 1A(2A)","PC",2,4,8,"HXD2","HXD2系列机车","C","方式2","北京德通利达机车科技发展有限公司",{"$nulls":4},"HXD2机车用进口按钮"]
[406,"M000000347659","紧急制动按钮红蘑菇头 DC110V 1A(2A)","PC",2,4,8,"HXD2","HXD2系列机车","C","方式2","北京德通利达机车科技发展有限公司",{"$nulls":4},"HXD2机车用进口按钮"]
[407,"M000000347663","微机复位按钮黄平头 DC110V 1A(2A)","PC",2,4,8,"HXD2","HXD2系列机车","C","方式2","北京德通利达机车科技发展有限公司",{"$nulls":4},"HXD2机车用进口按钮"]
[408,"M000000347672","监控故障隔离转换开关DC110V 1A(2A)","PC",2,4,8,"HXD2","HXD2系列机车","C","方式2","北京德通利达机车科技发展有限公司",{"$nulls":4},"HXD2机车用进口按钮"]
[409,"M000000347623","他端占用指示灯OKNKLBL5110","PC",2,4,8,"HXD2","HXD2系列机车","C","方式2","北京德通利达机车科技发展有限公司",{"$nulls":4},"HXD2机车用进口按钮"]
[410,"M000000347624","主断分指示灯OKNKLBL5110","PC",2,4,8,"HXD2","HXD2系列机车","C","方式2","北京德通利达机车科技发展有限公司",{"$nulls":4},"HXD2机车用进口按钮"]
[411,"M000000347625","轴隔离指示灯OKNRTBL5110","PC",2,4,8,"HXD2","HXD2系列机车","C","方式2","北京德通利达机车科技发展有限公司",{"$nulls":4},"HXD2机车用进口按钮"]
[412,"M000000347626","辅助隔离指示灯OKNRTBL5110","PC",2,4,8,"HXD2","HXD2系列机车","C","方式2","北京德通利达机车科技发展有限公司",{"$nulls":4},"HXD2机车用进口按钮"]
[413,"M000000347627","压缩机故障指示灯OKNRTBL5110","PC",2,4,8,"HXD2","HXD2系列机车","C","方式2","北京德通利达机车科技发展有限公司",{"$nulls":4},"HXD2机车用进口按钮"]
[414,"M000000347628","蓄电池低压指示灯OKNRTBL5110","PC",2,4,8,"HXD2","HXD2系列机车","C","方式2","北京德通利达机车科技发展有限公司",{"$nulls":4},"HXD2机车用进口按钮"]
[415,"M000000347658","断路器AM3R-A8-LC-40","PC",2,4,8,"HXD2","HXD2系列机车","C","方式2","北京德通利达机车科技发展有限公司",{"$nulls":4},"HXD2机车用进口按钮"]
[416,"M000000043537","库用插座断路器AM3R-Y88-17 80A","PC",2,4,8,"HXD2","HXD2系列机车","C","方式2","北京德通利达机车科技发展有限公司",{"$nulls":4},"HXD2机车用进口按钮"]
[417,"M000000147071","重联端子排XT-UM12/XT-UM22XT-UM12/XT-UM22","PC",2,4,8,"HXD2","HXD2系列机车","C","方式2","大同市涌川得科技有限责任公司",{"$nulls":4},"HXD2机车用端子排"]
[418,"M000000147070","重联端子排XT-UM11/XT-UM21XT-UM11/XT-UM21","PC",2,4,8,"HXD2","HXD2系列机车","C","方式2","大同市涌川得科技有限责任公司",{"$nulls":4},"HXD2机车用端子排"]
[419,"M000000147067","转向架端子排XT-BOG1XT-BOG1","PC",2,4,8,"HXD2","HXD2系列机车","C","方式2","大同市涌川得科技有限责任公司",{"$nulls":4},"HXD2机车用端子排"]
[420,"M000000147073","中央端子排XT1-CENTERXT1-CENTER","PC",2,4,8,"HXD2","HXD2系列机车","C","方式2","大同市涌川得科技有限责任公司",{"$nulls":4},"HXD2机车用端子排"]
[421,"M000000147077","中央端子排XT2-CENTERXT2-CENTER","PC",2,4,8,"HXD2","HXD2系列机车","C","方式2","大同市涌川得科技有限责任公司",{"$nulls":4},"HXD2机车用端子排"]
[422,"M000000147075","中央端子排XT3-CENTERXT3-CENTER","PC",2,4,8,"HXD2","HXD2系列机车","C","方式2","大同市涌川得科技有限责任公司",{"$nulls":4},"HXD2机车用端子排"]
[423,"M000000147076","中央端子排XT4-CENTERXT4-CENTER","PC",2,4,8,"HXD2","HXD2系列机车","C","方式2","大同市涌川得科技有限责任公司",{"$nulls":4},"HXD2机车用端子排"]
[424,"M000000147085","中央端子排XT5-CENTERXT5-CENTER","PC",2,4,8,"HXD2","HXD2系列机车","C","方式2","大同市涌川得科技有限责任公司",{"$nulls":4},"HXD2机车用端子排"]
[425,"M000000147068","转向架端子排XT-BOG2XT-BOG2","PC",2,4,8,"HXD2","HXD2系列机车","C","方式2","大同市涌川得科技有限责任公司",{"$nulls":4},"HXD2机车用端子排"]
[426,"M000000147069","端子排XT1-EQS","PC",2,4,8,"HXD2","HXD2系列机车","C","方式2","大同市涌川得科技有限责任公司",{"$nulls":4},"HXD2机车用端子排"]
[427,"M000000147086","冰箱端子排XT-REF","PC",1,4,4,"HXD2","HXD2系列机车","C","方式2","大同市涌川得科技有限责任公司",{"$nulls":4},"HXD2机车用端子排"]
[428,"M000000147087","微波炉端子排XT-MIC","PC",1,4,4,"HXD2","HXD2系列机车","C","方式2","大同市涌川得科技有限责任公司",{"$nulls":4},"HXD2机车用端子排"]
[429,"M000000147078","DB9针式插头APCD-DB09P-VZK-J130422","PC",8,4,32,"HXD2","HXD2系列机车","C","方式2","大同市涌川得科技有限责任公司",{"$nulls":4},"HXD2机车用端子排"]
[430,"M000000149441","插头M*TWINAX 120 OHMS* 2BR CODAGE1","PC",12,4,48,"HXD2","HXD2系列机车","C","方式2","大同市涌川得科技有限责任公司",{"$nulls":4},"HXD2机车用端子排"]
[431,"M000000149442","插座F*TWINAX 120 OHMS* 2BR CODAGE","PC",4,4,16,"HXD2","HXD2系列机车","C","方式2","大同市涌川得科技有限责任公司",{"$nulls":4},"HXD2机车用端子排"]
[432,"M000000147079","DB9孔式插头APCD-DB09S-VZK-J130422","PC",4,4,16,"HXD2","HXD2系列机车","C","方式2","大同市涌川得科技有限责任公司",{"$nulls":4},"HXD2机车用端子排"]
[433,"M000001172512","防爆电缆接头M20X1.5/8.5-16","PC",10,4,40,"HXD2","HXD2系列机车","C","方式2","大连长之琳科技发展有限公司",{"$nulls":4},"HXD2机车用电缆接头"]
[434,"M000000966606","电缆接头闷盖D 4621 102","PC",10,4,40,"HXD2","HXD2系列机车","C","方式2","大连长之琳科技发展有限公司",{"$nulls":4},"HXD2机车用电缆接头"]
[435,"M000000928869","右连接过线接头7364","PC",4,5,20,"HXD2","HXD2系列机车","C","方式2","大连长之琳科技发展有限公司",{"$nulls":4},"HXD2机车用电缆接头"]
[436,"M000000929132","电缆接头PG11/7361","PC",8,5,40,"HXD2","HXD2系列机车","C","方式2","大连长之琳科技发展有限公司",{"$nulls":4},"HXD2机车用电缆接头"]
[437,"M000000928806","电缆接头'SBPU40-M32-25","PC",8,5,40,"HXD2","HXD2系列机车","C","方式2","大连长之琳科技发展有限公司",{"$nulls":4},"HXD2机车用电缆接头"]
[438,"M000001038607","金属防爆电缆接头'M12X1.5(D3-D6.5)","PC",2,5,10,"HXD2","HXD2系列机车","C","方式2","大连长之琳科技发展有限公司",{"$nulls":4},"HXD2机车用电缆接头"]
[439,"M000000928868","右连接过线接头DTR0025318AAF","PC",4,5,20,"HXD2","HXD2系列机车","C","方式2","大连长之琳科技发展有限公司",{"$nulls":4},"HXD2机车用电缆接头"]
[440,"M000000081056","电缆接头'SBPU40-M32-24","PC",4,5,20,"HXD2","HXD2系列机车","C","方式2","大连长之琳科技发展有限公司",{"$nulls":4},"HXD2机车用电缆接头"]
[441,"M000005413902","隔离开关KG-200A","PC",2,4,8,"HXD2","HXD2系列机车","C","方式2","大同柏盛电子电气有限公司",{"$nulls":4},"HXD2机车用隔离开关"]
[442,"M000005277160","辅变流连接器HTtype 4*12 enclosure 1-4","PC",3,4,12,"HXD2","HXD2系列机车","C","方式2","上海中通企业发展有限公司",{"$nulls":4},"HXD2机车用隔离开关"]
[443,"M000005277161","微机柜连接器HTtype 4*12 enclosure 4-14","PC",3,4,12,"HXD2","HXD2系列机车","C","方式2","上海中通企业发展有限公司",{"$nulls":4},"HXD2机车用隔离开关"]
[444,"M000005277162","主变流连接器HTtype 4*12 enclosure CF-4","PC",8,4,32,"HXD2","HXD2系列机车","C","方式2","上海中通企业发展有限公司",{"$nulls":4},"HXD2机车用隔离开关"]
[445,"M000005218341","19芯插座R-JL圆形连接器JL115BZ22-14SN","PC",4,4,16,"HXD2","HXD2系列机车","C","方式2","四川华丰科技股份有限公司",{"$nulls":4},"HXD2机车用HF连接器"]
[446,"M000005221100","19芯插头R-JL圆形连接器JL115BT22-14PN","PC",4,4,16,"HXD2","HXD2系列机车","C","方式2","四川华丰科技股份有限公司",{"$nulls":4},"HXD2机车用HF连接器"]
[447,"M000005218335","19芯直式尾部附件R-连接套组件RR6.210.224(JL115FJCS22-0001","PC",6,4,24,"HXD2","HXD2系列机车","C","方式2","四川华丰科技股份有限公司",{"$nulls":4},"HXD2机车用HF连接器"]
[448,"M000005218344","19芯弯式尾部附件R-连接套组件RR6.210.222(JL115FJCE22-1400","PC",2,4,8,"HXD2","HXD2系列机车","C","方式2","四川华丰科技股份有限公司",{"$nulls":4},"HXD2机车用HF连接器"]
[449,"M000005218336","机械间风机连接器R-圆形连接器F8380T1E04PJW","PC",4,4,16,"HXD2","HXD2系列机车","C","方式2","四川华丰科技股份有限公司",{"$nulls":4},"HXD2机车用HF连接器"]
[450,"M000005218337","机械间风机连接器R-圆形连接器F8380Z1E04SJM","PC",4,4,16,"HXD2","HXD2系列机车","C","方式2","四川华丰科技股份有限公司",{"$nulls":4},"HXD2机车用HF连接器"]
[451,"M000005218338","18芯外重联空插座R-JL圆形连接器JL10K18KZ","PC",2,4,8,"HXD2","HXD2系列机车","C","方式2","四川华丰科技股份有限公司",{"$nulls":4},"HXD2机车用HF连接器"]
[452,"M000005218354","18芯外重联插座R-JL圆形连接器JL10K18ZY","PC",2,4,8,"HXD2","HXD2系列机车","C","方式2","四川华丰科技股份有限公司",{"$nulls":4},"HXD2机车用HF连接器"]
[453,"M000005218355","18芯外重联插头R-JL圆形连接器JL10J18TY","PC",2,4,8,"HXD2","HXD2系列机车","C","方式2","四川华丰科技股份有限公司",{"$nulls":4},"HXD2机车用HF连接器"]
[454,"M000002266341","外重联电缆组件R-低频电缆组件JL10J18TY(3400/BLG(4X(4X1)+BLG2X0.75))","PC",1,4,4,"HXD2","HXD2系列机车","C","方式2","四川华丰科技股份有限公司",{"$nulls":4},"HXD2机车用HF连接器"]
[455,"M000005218339","50芯矩形插头R-矩形连接器JL103J50TY","PC",2,4,8,"HXD2","HXD2系列机车","C","方式2","四川华丰科技股份有限公司",{"$nulls":4},"HXD2机车用HF连接器"]
[456,"M000005218340","50芯矩形插座R-矩形连接器JL103K50ZY","PC",2,4,8,"HXD2","HXD2系列机车","C","方式2","四川华丰科技股份有限公司",{"$nulls":4},"HXD2机车用HF连接器"]
[457,"M000005218342","20芯插头R-矩形连接器JL103J20TY","PC",4,4,16,"HXD2","HXD2系列机车","C","方式2","四川华丰科技股份有限公司",{"$nulls":4},"HXD2机车用HF连接器"]
[458,"M000005218343","20芯插座R-矩形连接器JL103K20ZY","PC",4,4,16,"HXD2","HXD2系列机车","C","方式2","四川华丰科技股份有限公司",{"$nulls":4},"HXD2机车用HF连接器"]
[459,"M000005218345","10芯脚踏开关插座R-圆形连接器插座JL115BZ18-19PNB","PC",2,4,8,"HXD2","HXD2系列机车","C","方式2","四川华丰科技股份有限公司",{"$nulls":4},"HXD2机车用HF连接器"]
[460,"M000005218346","10芯脚踏开关插头R-JL圆形连接器JL115BT18-19SN","PC",2,4,8,"HXD2","HXD2系列机车","C","方式2","四川华丰科技股份有限公司",{"$nulls":4},"HXD2机车用HF连接器"]
[461,"M000005218347","61芯内重联插座R-圆形连接器JL122J61ZY","PC",2,4,8,"HXD2","HXD2系列机车","C","方式2","四川华丰科技股份有限公司",{"$nulls":4},"HXD2机车用HF连接器"]
[462,"M000005218348","61芯内重联插座R-圆形连接器JL122J61ZYA","PC",2,4,8,"HXD2","HXD2系列机车","C","方式2","四川华丰科技股份有限公司",{"$nulls":4},"HXD2机车用HF连接器"]
[463,"M000002327708","61芯内重联插头R-低频电缆组件JL122K61TY(1470/1.5)","PC",1,4,4,"HXD2","HXD2系列机车","C","方式2","四川华丰科技股份有限公司",{"$nulls":4},"HXD2机车用HF连接器"]
[464,"M000002327709","61芯内重联插头R-低频电缆组件JL122K61TYA(1470/1.5)","PC",1,4,4,"HXD2","HXD2系列机车","C","方式2","四川华丰科技股份有限公司",{"$nulls":4},"HXD2机车用HF连接器"]
[465,"M000005218351","56芯矩形插座矩形连接器JL103K56ZY-(0K)","PC",75,4,300,"HXD2","HXD2系列机车","C","方式2","四川华丰科技股份有限公司",{"$nulls":4},"HXD2机车用HF连接器"]
[466,"M000005218352","56芯矩形插头矩形连接器JL103J56TY-(0J)","PC",60,4,240,"HXD2","HXD2系列机车","C","方式2","四川华丰科技股份有限公司",{"$nulls":4},"HXD2机车用HF连接器"]
[467,"M000005209914","21芯插头尾部附件尾部附件JY85049/52-22A(RR6.481.009)","PC",2,4,8,"HXD2","HXD2系列机车","C","方式2","四川华丰科技股份有限公司",{"$nulls":4},"HXD2机车用HF连接器"]
[468,"M000005218353","21芯插头YB圆形连接器YB3476A22-21SNⅡ","PC",2,4,8,"HXD2","HXD2系列机车","C","方式2","四川华丰科技股份有限公司",{"$nulls":4},"HXD2机车用HF连接器"]
[469,"M000005218357","2模块高速连接器插座R-矩形连接器HDC-Mod-2×10ASC-D S","PC",6,4,24,"HXD2","HXD2系列机车","C","方式2","四川华丰科技股份有限公司",{"$nulls":4},"HXD2机车用HF连接器"]
[470,"M000002327712","2模块高速内重联插头对电缆组件R-低频电缆组件HDC-Mod-2×10APC-S S-1/Pg21(1400/0.5)-A","PC",1,4,4,"HXD2","HXD2系列机车","C","方式2","四川华丰科技股份有限公司",{"$nulls":4},"HXD2机车用HF连接器"]
[471,"M000002327713","2模块高速内重联插头对电缆组件R-低频电缆组件HDC-Mod-2×10APC-S S-1/Pg21(1400/0.5)-B","PC",1,4,4,"HXD2","HXD2系列机车","C","方式2","四川华丰科技股份有限公司",{"$nulls":4},"HXD2机车用HF连接器"]
[472,"M000005218359","屏蔽外壳母头R-HDC矩形连接器HDC-Mod-10ASC","PC",16,4,64,"HXD2","HXD2系列机车","C","方式2","四川华丰科技股份有限公司",{"$nulls":4},"HXD2机车用HF连接器"]
[473,"M000005218361","2芯内重联插座R-圆形连接器JL121J2ZY","PC",4,4,16,"HXD2","HXD2系列机车","C","方式2","四川华丰科技股份有限公司",{"$nulls":4},"HXD2机车用HF连接器"]
[474,"M000002327710","2芯内重联插头对电缆组件R-低频电缆组件JL121K2TY(1400/0.6)-A","PC",1,4,4,"HXD2","HXD2系列机车","C","方式2","四川华丰科技股份有限公司",{"$nulls":4},"HXD2机车用HF连接器"]
[475,"M000002327711","2芯内重联插头对电缆组件R-低频电缆组件JL121K2TY(1400/0.6)-B","PC",1,4,4,"HXD2","HXD2系列机车","C","方式2","四川华丰科技股份有限公司",{"$nulls":4},"HXD2机车用HF连接器"]
[476,"M000005218363","4芯内重联插座R-圆形连接器JL122J4ZY","PC",2,4,8,"HXD2","HXD2系列机车","C","方式2","四川华丰科技股份有限公司",{"$nulls":4},"HXD2机车用HF连接器"]
[477,"M000002327707","4芯内重联插头对电缆组件R-低频电缆组件JL122K4TY(1470/70)","PC",1,4,4,"HXD2","HXD2系列机车","C","方式2","四川华丰科技股份有限公司",{"$nulls":4},"HXD2机车用HF连接器"]
[478,"M000003793700","插针插针组件RR6.602.306","PC",2500,4,10000,"HXD2","HXD2系列机车","C","方式2","四川华丰科技股份有限公司",{"$nulls":4},"HXD2机车用HF连接器"]
[479,"M000005218349","插孔R-插孔组件RR6.604.1531(JL103-φ1.5-AU)","PC",2800,4,11200,"HXD2","HXD2系列机车","C","方式2","四川华丰科技股份有限公司",{"$nulls":4},"HXD2机车用HF连接器"]
[480,"M000005218350","插孔R-插孔组件RR6.604.1521(JL103K20ZY)","PC",33,4,132,"HXD2","HXD2系列机车","C","方式2","四川华丰科技股份有限公司",{"$nulls":4},"HXD2机车用HF连接器"]
[481,"M000005209944","插针R-插针组件RR6.602.1531","PC",490,4,1960,"HXD2","HXD2系列机车","C","方式2","四川华丰科技股份有限公司",{"$nulls":4},"HXD2机车用HF连接器"]
[482,"M000005218356","插孔R-插孔组件RR6.604.1558(JL115)","PC",390,4,1560,"HXD2","HXD2系列机车","C","方式2","四川华丰科技股份有限公司",{"$nulls":4},"HXD2机车用HF连接器"]
[483,"M000005218358","插孔插孔组件RR6.604.1561(HDC-Φ1.6-AU)","PC",408,4,1632,"HXD2","HXD2系列机车","C","方式2","四川华丰科技股份有限公司",{"$nulls":4},"HXD2机车用HF连接器"]
[484,"M000005218360","插孔插孔组件RR6.604.1560(HDC-Φ1.6-AU)","PC",348,4,1392,"HXD2","HXD2系列机车","C","方式2","四川华丰科技股份有限公司",{"$nulls":4},"HXD2机车用HF连接器"]
[485,"M000005218364","插针插针组件RR6.602.1066","PC",2096,4,8384,"HXD2","HXD2系列机车","C","方式2","四川华丰科技股份有限公司",{"$nulls":4},"HXD2机车用HF连接器"]
[486,"M000005218365","插针R-插针组件RR6.602.710(JL103J20TY)","PC",420,4,1680,"HXD2","HXD2系列机车","C","方式2","四川华丰科技股份有限公司",{"$nulls":4},"HXD2机车用HF连接器"]
[487,"M000005209915","10芯直式尾部附件RR6.210.233(JL115FJCS18-0001)","PC",2,4,8,"HXD2","HXD2系列机车","C","方式2","四川华丰科技股份有限公司",{"$nulls":4},"HXD2机车用HF连接器"]
[488,"M000005218366","电机插座RT8K1ZY-R-240","PC",24,4,96,"HXD2","HXD2系列机车","C","方式2","四川华丰科技股份有限公司",{"$nulls":4},"HXD2机车用HF连接器"]
[489,"M000005218367","380V库用插座带保护盖JLG9J4ZS+组件RR6.171.083","PC",4,4,16,"HXD2","HXD2系列机车","C","方式2","四川华丰科技股份有限公司",{"$nulls":4},"HXD2机车用HF连接器"]
[490,"M000001013141","插孔RR6.604.1878","PC",1000,4,4000,"HXD2","HXD2系列机车","C","方式2","四川华丰科技股份有限公司",{"$nulls":4},"HXD2机车用HF连接器"]
[491,"M000001058055","插针RR6.602.207","PC",500,4,2000,"HXD2","HXD2系列机车","C","方式2","四川华丰科技股份有限公司",{"$nulls":4},"HXD2机车用HF连接器"]
[492,"M000001058056","插孔RR6.604.454","PC",500,4,2000,"HXD2","HXD2系列机车","C","方式2","四川华丰科技股份有限公司",{"$nulls":4},"HXD2机车用HF连接器"]
[493,"M000004437567","电机插座插孔RR6.604.4132","PC",10,4,40,"HXD2","HXD2系列机车","C","方式2","四川华丰科技股份有限公司",{"$nulls":4},"HXD2机车用HF连接器"]
[494,"M000000793120","4芯插头YGC-JL16K4TY插头","PC",10,4,40,"HXD2","HXD2系列机车","C","方式2","浙江永贵电器股份有限公司",{"$nulls":4},"HXD2机车用YG连接器"]
[495,"M000005209945","4芯插座YGC-JL16J4ZY插座","PC",7,4,28,"HXD2","HXD2系列机车","C","方式2","浙江永贵电器股份有限公司",{"$nulls":4},"HXD2机车用YG连接器"]
[496,"M000001295857","19芯插座YGC-22S19R插座","PC",4,4,16,"HXD2","HXD2系列机车","C","方式2","浙江永贵电器股份有限公司",{"$nulls":4},"HXD2机车用YG连接器"]
[497,"M000001295858","19芯插头YGC-22P19P插头","PC",4,4,16,"HXD2","HXD2系列机车","C","方式2","浙江永贵电器股份有限公司",{"$nulls":4},"HXD2机车用YG连接器"]
[498,"M000005209916","19芯直式尾部附件YG156-01-01-00","PC",6,4,24,"HXD2","HXD2系列机车","C","方式2","浙江永贵电器股份有限公司",{"$nulls":4},"HXD2机车用YG连接器"]
[499,"M000005209917","19芯弯式尾夹附件YG156-01-01-00W","PC",2,4,8,"HXD2","HXD2系列机车","C","方式2","浙江永贵电器股份有限公司",{"$nulls":4},"HXD2机车用YG连接器"]
[500,"M000005209918","机械间风机连接器YGC238-TL-P4P插头","PC",4,4,16,"HXD2","HXD2系列机车","C","方式2","浙江永贵电器股份有限公司",{"$nulls":4},"HXD2机车用YG连接器"]
[501,"M000005209919","机械间风机连接器YGC238-TL-S4R插座","PC",4,4,16,"HXD2","HXD2系列机车","C","方式2","浙江永贵电器股份有限公司",{"$nulls":4},"HXD2机车用YG连接器"]
[502,"M000005209920","18芯重联空插座YGC230-CL-S18KR盲座","PC",2,4,8,"HXD2","HXD2系列机车","C","方式2","浙江永贵电器股份有限公司",{"$nulls":4},"HXD2机车用YG连接器"]
[503,"M000001194719","18芯重联插座YGC230-CL-S18R插座","PC",2,4,8,"HXD2","HXD2系列机车","C","方式2","浙江永贵电器股份有限公司",{"$nulls":4},"HXD2机车用YG连接器"]
[504,"M000001187500","18芯重联插头YGC230-CL-P18P插头","PC",2,4,8,"HXD2","HXD2系列机车","C","方式2","浙江永贵电器股份有限公司",{"$nulls":4},"HXD2机车用YG连接器"]
[505,"M000005209921","18芯外重联插头电缆组件YGC230-CL-P18PXL线缆","PC",1,4,4,"HXD2","HXD2系列机车","C","方式2","浙江永贵电器股份有限公司",{"$nulls":4},"HXD2机车用YG连接器"]
[506,"M000005209922","50芯插头YGC-JL20J50TY插头","PC",2,4,8,"HXD2","HXD2系列机车","C","方式2","浙江永贵电器股份有限公司",{"$nulls":4},"HXD2机车用YG连接器"]
[507,"M000005209923","50芯插座YGC-JL20K50ZY插座","PC",2,4,8,"HXD2","HXD2系列机车","C","方式2","浙江永贵电器股份有限公司",{"$nulls":4},"HXD2机车用YG连接器"]
[508,"M000001883405","20芯插头YGC-JL20J20TY插头","PC",4,4,16,"HXD2","HXD2系列机车","C","方式2","浙江永贵电器股份有限公司",{"$nulls":4},"HXD2机车用YG连接器"]
[509,"M000005209924","20芯插座YGC-JL20K20ZY插座","PC",4,4,16,"HXD2","HXD2系列机车","C","方式2","浙江永贵电器股份有限公司",{"$nulls":4},"HXD2机车用YG连接器"]
[510,"M000005209925","10芯脚踏开关插座YGC-JY-Q18P10Rn电连接器插座","PC",2,4,8,"HXD2","HXD2系列机车","C","方式2","浙江永贵电器股份有限公司",{"$nulls":4},"HXD2机车用YG连接器"]
[511,"M000005209926","10芯脚踏开关插头YGC-JY-Q18S10Pn插头","PC",2,4,8,"HXD2","HXD2系列机车","C","方式2","浙江永贵电器股份有限公司",{"$nulls":4},"HXD2机车用YG连接器"]
[512,"M000005209927","61芯内重联插座YGC622-P61R(E3)插座","PC",2,4,8,"HXD2","HXD2系列机车","C","方式2","浙江永贵电器股份有限公司",{"$nulls":4},"HXD2机车用YG连接器"]
[513,"M000005209928","61芯内重联插座YGC622-P61R(E5)插座","PC",2,4,8,"HXD2","HXD2系列机车","C","方式2","浙江永贵电器股份有限公司",{"$nulls":4},"HXD2机车用YG连接器"]
[514,"M000005211772","61芯内重联插头对电缆组件YGC622-S61P(F3)XL插头线缆","PC",1,4,4,"HXD2","HXD2系列机车","C","方式2","浙江永贵电器股份有限公司",{"$nulls":4},"HXD2机车用YG连接器"]
[515,"M000005211773","61芯内重联插头对电缆组件YGC622-S61P(F5)XL插头线缆","PC",1,4,4,"HXD2","HXD2系列机车","C","方式2","浙江永贵电器股份有限公司",{"$nulls":4},"HXD2机车用YG连接器"]
[516,"M000000358547","56芯插座YGC-JL20-56AZ插座","PC",80,4,320,"HXD2","HXD2系列机车","C","方式2","浙江永贵电器股份有限公司",{"$nulls":4},"HXD2机车用YG连接器"]
[517,"M000000342604","56芯插头YGC-JL20-56AT插头","PC",60,4,240,"HXD2","HXD2系列机车","C","方式2","浙江永贵电器股份有限公司",{"$nulls":4},"HXD2机车用YG连接器"]
[518,"M000005209929","21芯插头尾部附件YGC242-YBⅡ85049/52-22N Ⅱ型直式线夹","PC",2,4,8,"HXD2","HXD2系列机车","C","方式2","浙江永贵电器股份有限公司",{"$nulls":4},"HXD2机车用YG连接器"]
[519,"M000005209930","21芯插头YGC242-YBⅡ3476L22-21SNⅡ插头","PC",2,4,8,"HXD2","HXD2系列机车","C","方式2","浙江永贵电器股份有限公司",{"$nulls":4},"HXD2机车用YG连接器"]
[520,"M000005209931","2模块高速连接器插座YG296-A77/2M2-4RA插座","PC",6,4,24,"HXD2","HXD2系列机车","C","方式2","浙江永贵电器股份有限公司",{"$nulls":4},"HXD2机车用YG连接器"]
[521,"M000005209932","2模块高速内重联插头对电缆组件YGC296-A77/2M2-4-PA(F3)XL插头线缆","PC",1,4,4,"HXD2","HXD2系列机车","C","方式2","浙江永贵电器股份有限公司",{"$nulls":4},"HXD2机车用YG连接器"]
[522,"M000005209933","2模块高速内重联插头对电缆组件YGC296-A77/2M2-4-PA(F2)XL插头线缆","PC",1,4,4,"HXD2","HXD2系列机车","C","方式2","浙江永贵电器股份有限公司",{"$nulls":4},"HXD2机车用YG连接器"]
[523,"M000005209934","高速网络屏蔽外壳母头插孔YG45-06-21-00","PC",8,4,32,"HXD2","HXD2系列机车","C","方式2","浙江永贵电器股份有限公司",{"$nulls":4},"HXD2机车用YG连接器"]
[524,"M000005209935","内重连插座YGC623-P2R插座","PC",4,4,16,"HXD2","HXD2系列机车","C","方式2","浙江永贵电器股份有限公司",{"$nulls":4},"HXD2机车用YG连接器"]
[525,"M000005209936","内重联插头对电缆组件YGC623-S2P(N-1)XL插头线缆","PC",1,4,4,"HXD2","HXD2系列机车","C","方式2","浙江永贵电器股份有限公司",{"$nulls":4},"HXD2机车用YG连接器"]
[526,"M000005209937","内重联插头对电缆组件YGC623-S2P(1-N)XL插头线缆","PC",1,4,4,"HXD2","HXD2系列机车","C","方式2","浙江永贵电器股份有限公司",{"$nulls":4},"HXD2机车用YG连接器"]
[527,"M000005209939","内重连插座YGC621-P4R(E3) 插座","PC",2,4,8,"HXD2","HXD2系列机车","C","方式2","浙江永贵电器股份有限公司",{"$nulls":4},"HXD2机车用YG连接器"]
[528,"M000005209940","内重联插头对电缆组件YGC621-S4P(F1-F3)XL插头线缆","PC",1,4,4,"HXD2","HXD2系列机车","C","方式2","浙江永贵电器股份有限公司",{"$nulls":4},"HXD2机车用YG连接器"]
[529,"M000005209941","1.5mm插针组件YG622-02-01-00/2","PC",300,4,1200,"HXD2","HXD2系列机车","C","方式2","浙江永贵电器股份有限公司",{"$nulls":4},"HXD2机车用YG连接器"]
[530,"M000000467190","插针YG42-03-00-00/4","PC",2000,4,8000,"HXD2","HXD2系列机车","C","方式2","浙江永贵电器股份有限公司",{"$nulls":4},"HXD2机车用YG连接器"]
[531,"M000004831257","插孔YG42-04-00-00/4","PC",3000,4,12000,"HXD2","HXD2系列机车","C","方式2","浙江永贵电器股份有限公司",{"$nulls":4},"HXD2机车用YG连接器"]
[532,"M000000464207","插针YG42-03-00-00/3","PC",100,4,400,"HXD2","HXD2系列机车","C","方式2","浙江永贵电器股份有限公司",{"$nulls":4},"HXD2机车用YG连接器"]
[533,"M000005209942","4平方插针YG169-01-01-00","PC",100,4,400,"HXD2","HXD2系列机车","C","方式2","浙江永贵电器股份有限公司",{"$nulls":4},"HXD2机车用YG连接器"]
[534,"M000005209943","4平方插孔YG169-02-01-00","PC",100,4,400,"HXD2","HXD2系列机车","C","方式2","浙江永贵电器股份有限公司",{"$nulls":4},"HXD2机车用YG连接器"]
[535,"M000001512753","0.5mm插孔组件YG45-06-22-00A/2","PC",100,4,400,"HXD2","HXD2系列机车","C","方式2","浙江永贵电器股份有限公司",{"$nulls":4},"HXD2机车用YG连接器"]
[536,"M000003871703","0.14-0.37mm插孔组件YG45-06-22-00A/1","PC",100,4,400,"HXD2","HXD2系列机车","C","方式2","浙江永贵电器股份有限公司",{"$nulls":4},"HXD2机车用YG连接器"]
[537,"M000001512874","插孔YG45-06-22-00A/4","PC",100,4,400,"HXD2","HXD2系列机车","C","方式2","浙江永贵电器股份有限公司",{"$nulls":4},"HXD2机车用YG连接器"]
[538,"M000005196201","10芯直式尾部附件YG160-01-01-00","PC",2,4,8,"HXD2","HXD2系列机车","C","方式2","浙江永贵电器股份有限公司",{"$nulls":4},"HXD2机车用YG连接器"]
[539,"M000005218368","电机插座YGC620-32S1RF17 插座","PC",24,4,96,"HXD2","HXD2系列机车","C","方式2","浙江永贵电器股份有限公司",{"$nulls":4},"HXD2机车用YG连接器"]
[540,"M000005218369","380V库用插座带保护盖YGC-LM6441+组件YGC-ZH40788","PC",4,4,16,"HXD2","HXD2系列机车","C","方式2","浙江永贵电器股份有限公司",{"$nulls":4},"HXD2机车用YG连接器"]
[541,"M000002271395","插孔YG42-04-00-00/3","PC",1000,4,4000,"HXD2","HXD2系列机车","C","方式2","浙江永贵电器股份有限公司",{"$nulls":4},"HXD2机车用YG连接器"]
[542,"M000003160166","插针YG42-03-00-00/6","PC",500,4,2000,"HXD2","HXD2系列机车","C","方式2","浙江永贵电器股份有限公司",{"$nulls":4},"HXD2机车用YG连接器"]
[543,"M000000584921","插孔YG42-04-00-00/6","PC",500,4,2000,"HXD2","HXD2系列机车","C","方式2","浙江永贵电器股份有限公司",{"$nulls":4},"HXD2机车用YG连接器"]
[544,"M000003836351","动触片[HS11Z-200/19]","PC",null,null,100,"直流车通用","直流机车","C","方式2","西安中晨铁道动力电气有限公司"]
[545,"M000003836352","中间导电片[HS11Z-200/19]","PC",null,null,100,"直流车通用","直流机车","C","方式2","西安中晨铁道动力电气有限公司"]
[546,"M000003836353","上下导电片[HS11Z-200/19]","PC",null,null,100,"直流车通用","直流机车","C","方式2","西安中晨铁道动力电气有限公司"]
[547,"M000003836354","动触片[HS11Z-200/38]","PC",null,null,100,"直流车通用","直流机车","C","方式2","西安中晨铁道动力电气有限公司"]
[548,"M000003836355","动触片含联锁接触片[HS11Z-200/38]","PC",null,null,100,"直流车通用","直流机车","C","方式2","西安中晨铁道动力电气有限公司"]
[549,"M000003836356","中间导电片[HS11Z-200/38]","PC",null,null,100,"直流车通用","直流机车","C","方式2","西安中晨铁道动力电气有限公司"]
[550,"M000003836357","上下导电片[HS11Z-200/38]","PC",null,null,50,"直流车通用","直流机车","C","方式2","西安中晨铁道动力电气有限公司"]
[551,"M000001364818","刀开关[HD11-00-00]","PC",null,null,40,"直流车通用","直流机车","C","方式2","西安中晨铁道动力电气有限公司"]